<?xml version="1.0" encoding="UTF-8"?>
<collection xmlns="http://www.loc.gov/MARC21/slim">
 <record>
  <leader>45570nas a22030137a 4500</leader>
  <controlfield tag="001">000071571</controlfield>
  <controlfield tag="003">CZ-PrVSE</controlfield>
  <controlfield tag="005">20220324082459.0</controlfield>
  <controlfield tag="007">ta</controlfield>
  <controlfield tag="008">030113c18619999xr mr|p|r     0    0cze d</controlfield>
  <datafield tag="015" ind1=" " ind2=" ">
   <subfield code="a">cnb000356488</subfield>
  </datafield>
  <datafield tag="022" ind1=" " ind2=" ">
   <subfield code="a">0231-6625</subfield>
   <subfield code="l">0231-6625</subfield>
   <subfield code="z">0324-7007</subfield>
  </datafield>
  <datafield tag="040" ind1=" " ind2=" ">
   <subfield code="a">ABA006</subfield>
   <subfield code="b">cze</subfield>
   <subfield code="c">ABA006</subfield>
   <subfield code="d">ABA006</subfield>
  </datafield>
  <datafield tag="072" ind1=" " ind2="7">
   <subfield code="a">34</subfield>
   <subfield code="x">Právo</subfield>
   <subfield code="2">Konspekt</subfield>
   <subfield code="9">16</subfield>
  </datafield>
  <datafield tag="072" ind1=" " ind2="9">
   <subfield code="a">340</subfield>
   <subfield code="x">Law</subfield>
   <subfield code="2">Conspectus</subfield>
   <subfield code="9">16</subfield>
  </datafield>
  <datafield tag="080" ind1=" " ind2=" ">
   <subfield code="a">34</subfield>
   <subfield code="2">MRF_2014</subfield>
  </datafield>
  <datafield tag="080" ind1=" " ind2=" ">
   <subfield code="a">321:34</subfield>
   <subfield code="2">MRF_2003</subfield>
  </datafield>
  <datafield tag="080" ind1=" " ind2=" ">
   <subfield code="a">321.01</subfield>
   <subfield code="2">MRF_2003</subfield>
  </datafield>
  <datafield tag="080" ind1=" " ind2=" ">
   <subfield code="a">340</subfield>
   <subfield code="2">MRF_2003</subfield>
  </datafield>
  <datafield tag="080" ind1=" " ind2=" ">
   <subfield code="a">340.12</subfield>
   <subfield code="2">MRF_2014</subfield>
  </datafield>
  <datafield tag="080" ind1=" " ind2=" ">
   <subfield code="a">(051)-027.561</subfield>
   <subfield code="2">MRF_2003</subfield>
  </datafield>
  <datafield tag="222" ind1=" " ind2="0">
   <subfield code="a">Právník :</subfield>
   <subfield code="b">(teoretický časopis pro otázky státu a práva = The lawyer : scientific review for problems of state and law = Le juriste : revue scientifique consacrée aux problemes de l'état et du droit = Der Jurist : Zeitschrift für Staats- und Rechtswissenschaften = Jurist : naučno-teoretičeskij žurnal posvjaščennyj voprosam gosudarstva i prava)</subfield>
  </datafield>
  <datafield tag="245" ind1="0" ind2="0">
   <subfield code="a">Právník :</subfield>
   <subfield code="b">teoretický časopis pro otázky státu a práva = The lawyer : scientific review for problems of state and law = Le juriste : revue scientifique consacrée aux problemes de l'état et du droit = Der Jurist : Zeitschrift für Staats- und Rechtswissenschaften = Jurist : naučno-teoretičeskij žurnal posvjaščennyj voprosam gosudarstva i prava</subfield>
  </datafield>
  <datafield tag="246" ind1="3" ind2="1">
   <subfield code="a">Lawyer :</subfield>
   <subfield code="b">scientific review for problems of state and law</subfield>
  </datafield>
  <datafield tag="246" ind1="3" ind2="1">
   <subfield code="a">Juriste :</subfield>
   <subfield code="b">revue scientifique consacrée aux problemes de l'état et du droit</subfield>
  </datafield>
  <datafield tag="246" ind1="3" ind2="1">
   <subfield code="a">Jurist :</subfield>
   <subfield code="b">Zeitschrift für Staats- und Rechtswissenschaften</subfield>
  </datafield>
  <datafield tag="246" ind1="3" ind2="1">
   <subfield code="a">Jurist :</subfield>
   <subfield code="b">naučno-teoretičeskij žurnal posvjaščennyj voprosam gosudarstva i prava</subfield>
  </datafield>
  <datafield tag="260" ind1=" " ind2=" ">
   <subfield code="a">Praha :</subfield>
   <subfield code="b">Antonín Renn,</subfield>
   <subfield code="c">1861-</subfield>
  </datafield>
  <datafield tag="260" ind1="2" ind2=" ">
   <subfield code="3">1864-1952</subfield>
   <subfield code="a">Praha :</subfield>
   <subfield code="b">Jednota právnická</subfield>
  </datafield>
  <datafield tag="260" ind1="2" ind2=" ">
   <subfield code="3">1959-1963</subfield>
   <subfield code="a">Praha :</subfield>
   <subfield code="b">Československá akademie věd</subfield>
  </datafield>
  <datafield tag="260" ind1="2" ind2=" ">
   <subfield code="3">1953-1965</subfield>
   <subfield code="a">Praha :</subfield>
   <subfield code="b">Nakladatelství ČSAV</subfield>
  </datafield>
  <datafield tag="260" ind1="2" ind2=" ">
   <subfield code="3">1966-1990</subfield>
   <subfield code="a">Praha :</subfield>
   <subfield code="b">Academia</subfield>
  </datafield>
  <datafield tag="260" ind1="3" ind2=" ">
   <subfield code="3">1991-</subfield>
   <subfield code="a">Praha :</subfield>
   <subfield code="b">Ústav státu a práva AV ČR</subfield>
  </datafield>
  <datafield tag="310" ind1=" " ind2=" ">
   <subfield code="a">1x měsíčně</subfield>
  </datafield>
  <datafield tag="525" ind1=" " ind2=" ">
   <subfield code="a">Příloha: The lawyer quarterly</subfield>
  </datafield>
  <datafield tag="550" ind1=" " ind2=" ">
   <subfield code="a">Vydává: Ústav státu a práva AV ČR, Praha</subfield>
  </datafield>
  <datafield tag="550" ind1=" " ind2=" ">
   <subfield code="a">Spoluvydavatel: Právnická fakulta ZČU v Plzni</subfield>
  </datafield>
  <datafield tag="650" ind1="0" ind2="7">
   <subfield code="a">právo</subfield>
   <subfield code="7">ph115914</subfield>
   <subfield code="2">czenas</subfield>
  </datafield>
  <datafield tag="650" ind1="0" ind2="7">
   <subfield code="a">stát a právo</subfield>
   <subfield code="7">ph307597</subfield>
   <subfield code="2">czenas</subfield>
  </datafield>
  <datafield tag="650" ind1="0" ind2="7">
   <subfield code="a">státověda</subfield>
   <subfield code="7">ph116312</subfield>
   <subfield code="2">czenas</subfield>
  </datafield>
  <datafield tag="650" ind1="0" ind2="7">
   <subfield code="a">právní věda</subfield>
   <subfield code="7">ph115913</subfield>
   <subfield code="2">czenas</subfield>
  </datafield>
  <datafield tag="650" ind1="0" ind2="7">
   <subfield code="a">teorie práva</subfield>
   <subfield code="7">ph482835</subfield>
   <subfield code="2">czenas</subfield>
  </datafield>
  <datafield tag="655" ind1=" " ind2="7">
   <subfield code="a">odborné časopisy</subfield>
   <subfield code="7">fd132951</subfield>
   <subfield code="2">czenas</subfield>
  </datafield>
  <datafield tag="650" ind1="0" ind2="9">
   <subfield code="a">law</subfield>
   <subfield code="2">eczenas</subfield>
  </datafield>
  <datafield tag="650" ind1="0" ind2="9">
   <subfield code="a">state and law</subfield>
   <subfield code="2">eczenas</subfield>
  </datafield>
  <datafield tag="650" ind1="0" ind2="9">
   <subfield code="a">theory of the state</subfield>
   <subfield code="2">eczenas</subfield>
  </datafield>
  <datafield tag="650" ind1="0" ind2="9">
   <subfield code="a">jurisprudence</subfield>
   <subfield code="2">eczenas</subfield>
  </datafield>
  <datafield tag="650" ind1="0" ind2="9">
   <subfield code="a">theory of law</subfield>
   <subfield code="2">eczenas</subfield>
  </datafield>
  <datafield tag="655" ind1=" " ind2="9">
   <subfield code="a">professional journals</subfield>
   <subfield code="2">eczenas</subfield>
  </datafield>
  <datafield tag="710" ind1="2" ind2=" ">
   <subfield code="a">Ústav státu a práva (Akademie věd ČR)</subfield>
   <subfield code="7">mzk2004208559</subfield>
  </datafield>
  <datafield tag="710" ind1="2" ind2=" ">
   <subfield code="a">Západočeská univerzita.</subfield>
   <subfield code="b">Právnická fakulta</subfield>
   <subfield code="7">kn20010709438</subfield>
  </datafield>
  <datafield tag="787" ind1="0" ind2=" ">
   <subfield code="i">Název samostatného indexu k časopisu:</subfield>
   <subfield code="t">Index časopisu &quot;Právník&quot; za ročníky I-XXV. (1861 až 1886)</subfield>
   <subfield code="w">(CZ-PrVSE)000539924</subfield>
  </datafield>
  <datafield tag="787" ind1="0" ind2="8">
   <subfield code="i">Od r. 2013 příloha je samostatný časopis:</subfield>
   <subfield code="t">Lawyer quarterly : international journal for legal research</subfield>
   <subfield code="x">1805-8396</subfield>
   <subfield code="w">(CZ-PrVSE)000231990</subfield>
  </datafield>
  <datafield tag="993" ind1=" " ind2=" ">
   <subfield code="a">000083743</subfield>
  </datafield>
  <datafield tag="910" ind1=" " ind2=" ">
   <subfield code="a">ABA006</subfield>
   <subfield code="b">F219</subfield>
   <subfield code="r">1861-62,69,71,73-1910,12-40,48-56,58-59,61-9193-95,97-</subfield>
   <subfield code="t">p</subfield>
  </datafield>
  <datafield tag="996" ind1=" " ind2=" ">
   <subfield code="1">PKPRA</subfield>
   <subfield code="5">50-17403</subfield>
   <subfield code="7">Roč. 143, č. 1, 3-6, 8-9, 11-12 (2004)</subfield>
   <subfield code="8">20050404</subfield>
   <subfield code="a">2004</subfield>
   <subfield code="b">143</subfield>
   <subfield code="c">1-12</subfield>
   <subfield code="f">85</subfield>
   <subfield code="h">Roč. 143, č. 1, 3-6, 8-9, 11-12 (2004)</subfield>
   <subfield code="i">20040116</subfield>
   <subfield code="j">20040215</subfield>
   <subfield code="k">20040120</subfield>
   <subfield code="l">UEP01</subfield>
   <subfield code="m">ISSBD</subfield>
   <subfield code="p">MI</subfield>
   <subfield code="q">KPEP</subfield>
   <subfield code="t">prezenční</subfield>
   <subfield code="u">UEP01</subfield>
   <subfield code="v">Ztráta</subfield>
  </datafield>
  <datafield tag="996" ind1=" " ind2=" ">
   <subfield code="1">PKPRA</subfield>
   <subfield code="5">71571-1260</subfield>
   <subfield code="7">Roč. 145, č. 1-2, 4-6, 11 (2006)</subfield>
   <subfield code="8">20070307</subfield>
   <subfield code="a">2006</subfield>
   <subfield code="b">145</subfield>
   <subfield code="c">1-12</subfield>
   <subfield code="f">85</subfield>
   <subfield code="g">5673</subfield>
   <subfield code="h">Roč. 145, č. 1-2, 4-6, 11 (2006)</subfield>
   <subfield code="i">20060116</subfield>
   <subfield code="j">20060215</subfield>
   <subfield code="k">20060123</subfield>
   <subfield code="l">UEP01</subfield>
   <subfield code="m">ISSBD</subfield>
   <subfield code="p">MI</subfield>
   <subfield code="q">KPEP</subfield>
   <subfield code="t">prezenční</subfield>
   <subfield code="u">UEP01</subfield>
   <subfield code="v">Ztráta</subfield>
  </datafield>
  <datafield tag="996" ind1=" " ind2=" ">
   <subfield code="1">PKPRA</subfield>
   <subfield code="5">71571-1400</subfield>
   <subfield code="7">Roč. 146, č. 1, 4-7, 9-10 (2007)</subfield>
   <subfield code="8">20080428</subfield>
   <subfield code="a">2007</subfield>
   <subfield code="b">146</subfield>
   <subfield code="c">1-12</subfield>
   <subfield code="f">85</subfield>
   <subfield code="g">9198</subfield>
   <subfield code="h">Roč. 146, č. 1, 4-7, 9-10 (2007)</subfield>
   <subfield code="i">20070116</subfield>
   <subfield code="j">20070317</subfield>
   <subfield code="k">20070123</subfield>
   <subfield code="l">UEP01</subfield>
   <subfield code="m">ISSBD</subfield>
   <subfield code="p">MI</subfield>
   <subfield code="q">KPEP</subfield>
   <subfield code="t">prezenční</subfield>
   <subfield code="u">UEP01</subfield>
   <subfield code="v">Ztráta</subfield>
  </datafield>
  <datafield tag="996" ind1=" " ind2=" ">
   <subfield code="1">PKPRA</subfield>
   <subfield code="5">71571-990</subfield>
   <subfield code="7">Roč. 144, č. 5-8 (2005)</subfield>
   <subfield code="8">20060506</subfield>
   <subfield code="a">2005</subfield>
   <subfield code="b">144</subfield>
   <subfield code="c">1-12</subfield>
   <subfield code="f">85</subfield>
   <subfield code="g">1917</subfield>
   <subfield code="h">Roč. 144, č. 5-8 (2005)</subfield>
   <subfield code="i">20050116</subfield>
   <subfield code="j">20050215</subfield>
   <subfield code="k">20050119</subfield>
   <subfield code="l">UEP01</subfield>
   <subfield code="m">ISSBD</subfield>
   <subfield code="p">MI</subfield>
   <subfield code="q">KPEP</subfield>
   <subfield code="t">prezenční</subfield>
   <subfield code="u">UEP01</subfield>
   <subfield code="v">Ztráta</subfield>
  </datafield>
  <datafield tag="996" ind1=" " ind2=" ">
   <subfield code="1">PSKL2</subfield>
   <subfield code="3">F219</subfield>
   <subfield code="4">PC=1054/85</subfield>
   <subfield code="5">3142300985</subfield>
   <subfield code="7">Roč. CXXIII., č. 1-6 (1984)</subfield>
   <subfield code="8">20170721</subfield>
   <subfield code="a">1984</subfield>
   <subfield code="b">123</subfield>
   <subfield code="c">1-6</subfield>
   <subfield code="f">95</subfield>
   <subfield code="h">Roč. CXXIII., č. 1-6 (1984)</subfield>
   <subfield code="l">UEP01</subfield>
   <subfield code="m">ISSBD</subfield>
   <subfield code="q">Knihovna Žižkov - sklad 2</subfield>
   <subfield code="t">prezenční - lze objednat</subfield>
   <subfield code="u">UEP01</subfield>
   <subfield code="w">20170802</subfield>
  </datafield>
  <datafield tag="996" ind1=" " ind2=" ">
   <subfield code="1">PSKL2</subfield>
   <subfield code="3">F219</subfield>
   <subfield code="4">PC=1096/21</subfield>
   <subfield code="5">3142300699</subfield>
   <subfield code="7">Roč. LX. (1921)</subfield>
   <subfield code="8">20170420</subfield>
   <subfield code="a">1921</subfield>
   <subfield code="b">60</subfield>
   <subfield code="f">95</subfield>
   <subfield code="h">Roč. LX. (1921)</subfield>
   <subfield code="l">UEP01</subfield>
   <subfield code="m">ISSBD</subfield>
   <subfield code="q">Knihovna Žižkov - sklad 2</subfield>
   <subfield code="t">prezenční - lze objednat</subfield>
   <subfield code="u">UEP01</subfield>
   <subfield code="w">20170801</subfield>
  </datafield>
  <datafield tag="996" ind1=" " ind2=" ">
   <subfield code="1">PSKL2</subfield>
   <subfield code="3">F219</subfield>
   <subfield code="4">PC=1135/85</subfield>
   <subfield code="5">3142300984</subfield>
   <subfield code="7">Roč. CXXIII., č. 7-12 (1984)</subfield>
   <subfield code="8">20170721</subfield>
   <subfield code="a">1984</subfield>
   <subfield code="b">123</subfield>
   <subfield code="c">7-12</subfield>
   <subfield code="f">95</subfield>
   <subfield code="h">Roč. CXXIII., č. 7-12 (1984)</subfield>
   <subfield code="l">UEP01</subfield>
   <subfield code="m">ISSBD</subfield>
   <subfield code="q">Knihovna Žižkov - sklad 2</subfield>
   <subfield code="t">prezenční - lze objednat</subfield>
   <subfield code="u">UEP01</subfield>
   <subfield code="w">20170802</subfield>
  </datafield>
  <datafield tag="996" ind1=" " ind2=" ">
   <subfield code="1">PSKL2</subfield>
   <subfield code="3">F219</subfield>
   <subfield code="4">PC=117/87</subfield>
   <subfield code="5">3142300986</subfield>
   <subfield code="7">Roč. CXXIV., č. 1-6 (1985)</subfield>
   <subfield code="8">20170721</subfield>
   <subfield code="a">1985</subfield>
   <subfield code="b">124</subfield>
   <subfield code="c">1-6</subfield>
   <subfield code="f">95</subfield>
   <subfield code="h">Roč. CXXIV., č. 1-6 (1985)</subfield>
   <subfield code="l">UEP01</subfield>
   <subfield code="m">ISSBD</subfield>
   <subfield code="q">Knihovna Žižkov - sklad 2</subfield>
   <subfield code="t">prezenční - lze objednat</subfield>
   <subfield code="u">UEP01</subfield>
   <subfield code="w">20170802</subfield>
  </datafield>
  <datafield tag="996" ind1=" " ind2=" ">
   <subfield code="1">PSKL2</subfield>
   <subfield code="3">F219</subfield>
   <subfield code="4">PC=1269/90</subfield>
   <subfield code="5">3142300983</subfield>
   <subfield code="7">Roč. CXXVIII., č. 1-6 (1989)</subfield>
   <subfield code="8">20170721</subfield>
   <subfield code="a">1989</subfield>
   <subfield code="b">128</subfield>
   <subfield code="c">1-6</subfield>
   <subfield code="f">95</subfield>
   <subfield code="h">Roč. CXXVIII., č. 1-6 (1989)</subfield>
   <subfield code="l">UEP01</subfield>
   <subfield code="m">ISSBD</subfield>
   <subfield code="q">Knihovna Žižkov - sklad 2</subfield>
   <subfield code="t">prezenční - lze objednat</subfield>
   <subfield code="u">UEP01</subfield>
   <subfield code="w">20170802</subfield>
  </datafield>
  <datafield tag="996" ind1=" " ind2=" ">
   <subfield code="1">PSKL2</subfield>
   <subfield code="3">F219</subfield>
   <subfield code="4">PC=1298/20</subfield>
   <subfield code="5">3142300697</subfield>
   <subfield code="7">Roč. LVIII. (1919)</subfield>
   <subfield code="8">20170420</subfield>
   <subfield code="a">1919</subfield>
   <subfield code="b">58</subfield>
   <subfield code="f">95</subfield>
   <subfield code="h">Roč. LVIII. (1919)</subfield>
   <subfield code="l">UEP01</subfield>
   <subfield code="m">ISSBD</subfield>
   <subfield code="q">Knihovna Žižkov - sklad 2</subfield>
   <subfield code="t">prezenční - lze objednat</subfield>
   <subfield code="u">UEP01</subfield>
   <subfield code="w">20170801</subfield>
  </datafield>
  <datafield tag="996" ind1=" " ind2=" ">
   <subfield code="1">PSKL2</subfield>
   <subfield code="3">F219</subfield>
   <subfield code="4">PC=1328/54</subfield>
   <subfield code="5">3142301185</subfield>
   <subfield code="7">Roč. 92 (1953)</subfield>
   <subfield code="8">20170717</subfield>
   <subfield code="a">1953</subfield>
   <subfield code="b">92</subfield>
   <subfield code="f">95</subfield>
   <subfield code="h">Roč. 92 (1953)</subfield>
   <subfield code="l">UEP01</subfield>
   <subfield code="m">ISSBD</subfield>
   <subfield code="q">Knihovna Žižkov - sklad 2</subfield>
   <subfield code="t">prezenční - lze objednat</subfield>
   <subfield code="u">UEP01</subfield>
   <subfield code="w">20240222</subfield>
  </datafield>
  <datafield tag="996" ind1=" " ind2=" ">
   <subfield code="1">PSKL2</subfield>
   <subfield code="3">F219</subfield>
   <subfield code="4">PC=13333/62</subfield>
   <subfield code="5">3142301216</subfield>
   <subfield code="7">Roč. C (1-5) ; 1961;Roč. C ; 1961</subfield>
   <subfield code="8">20170721</subfield>
   <subfield code="a">1961</subfield>
   <subfield code="b">100</subfield>
   <subfield code="c">1-5</subfield>
   <subfield code="f">95</subfield>
   <subfield code="h">Roč. C (1-5) ; 1961</subfield>
   <subfield code="l">UEP01</subfield>
   <subfield code="m">ISSBD</subfield>
   <subfield code="q">Knihovna Žižkov - sklad 2</subfield>
   <subfield code="t">prezenční - lze objednat</subfield>
   <subfield code="u">UEP01</subfield>
   <subfield code="w">20170802</subfield>
  </datafield>
  <datafield tag="996" ind1=" " ind2=" ">
   <subfield code="1">PSKL2</subfield>
   <subfield code="3">F219</subfield>
   <subfield code="4">PC=13334/62</subfield>
   <subfield code="5">3142301217</subfield>
   <subfield code="7">Roč. C (6-10) ; 1961;Roč. C ; 1961</subfield>
   <subfield code="8">20170721</subfield>
   <subfield code="a">1961</subfield>
   <subfield code="b">100</subfield>
   <subfield code="c">6-10</subfield>
   <subfield code="f">95</subfield>
   <subfield code="h">Roč. C (6-10) ; 1961</subfield>
   <subfield code="l">UEP01</subfield>
   <subfield code="m">ISSBD</subfield>
   <subfield code="q">Knihovna Žižkov - sklad 2</subfield>
   <subfield code="t">prezenční - lze objednat</subfield>
   <subfield code="u">UEP01</subfield>
   <subfield code="w">20170802</subfield>
  </datafield>
  <datafield tag="996" ind1=" " ind2=" ">
   <subfield code="1">PSKL2</subfield>
   <subfield code="3">F219</subfield>
   <subfield code="4">PC=1394/80</subfield>
   <subfield code="5">3142300732</subfield>
   <subfield code="7">Roč. 117., č. 7-12 (1978)</subfield>
   <subfield code="8">20170428</subfield>
   <subfield code="a">1978</subfield>
   <subfield code="b">117</subfield>
   <subfield code="c">7-12</subfield>
   <subfield code="f">95</subfield>
   <subfield code="h">Roč. 117., č. 7-12 (1978)</subfield>
   <subfield code="l">UEP01</subfield>
   <subfield code="m">ISSBD</subfield>
   <subfield code="q">Knihovna Žižkov - sklad 2</subfield>
   <subfield code="t">prezenční - lze objednat</subfield>
   <subfield code="u">UEP01</subfield>
   <subfield code="w">20170801</subfield>
  </datafield>
  <datafield tag="996" ind1=" " ind2=" ">
   <subfield code="1">PSKL2</subfield>
   <subfield code="3">F219</subfield>
   <subfield code="4">PC=140/32</subfield>
   <subfield code="5">3142300709</subfield>
   <subfield code="7">Roč. LXX. (1931)</subfield>
   <subfield code="8">20170420</subfield>
   <subfield code="a">1931</subfield>
   <subfield code="b">70</subfield>
   <subfield code="f">95</subfield>
   <subfield code="h">Roč. LXX. (1931)</subfield>
   <subfield code="l">UEP01</subfield>
   <subfield code="m">ISSBD</subfield>
   <subfield code="q">Knihovna Žižkov - sklad 2</subfield>
   <subfield code="t">prezenční - lze objednat</subfield>
   <subfield code="u">UEP01</subfield>
   <subfield code="w">20170801</subfield>
  </datafield>
  <datafield tag="996" ind1=" " ind2=" ">
   <subfield code="1">PSKL2</subfield>
   <subfield code="3">F219</subfield>
   <subfield code="4">PC=1444/60</subfield>
   <subfield code="5">3142301218</subfield>
   <subfield code="7">Roč. XCVIII. ; 1959</subfield>
   <subfield code="8">20170721</subfield>
   <subfield code="a">1959</subfield>
   <subfield code="b">98</subfield>
   <subfield code="f">95</subfield>
   <subfield code="h">Roč. XCVIII. ; 1959</subfield>
   <subfield code="l">UEP01</subfield>
   <subfield code="m">ISSBD</subfield>
   <subfield code="q">Knihovna Žižkov - sklad 2</subfield>
   <subfield code="t">prezenční - lze objednat</subfield>
   <subfield code="u">UEP01</subfield>
   <subfield code="w">20170802</subfield>
  </datafield>
  <datafield tag="996" ind1=" " ind2=" ">
   <subfield code="1">PSKL2</subfield>
   <subfield code="3">F219</subfield>
   <subfield code="4">PC=1453/39</subfield>
   <subfield code="5">3142301176</subfield>
   <subfield code="7">Roč. 78 ; 1939</subfield>
   <subfield code="8">20170718</subfield>
   <subfield code="a">1939</subfield>
   <subfield code="b">78</subfield>
   <subfield code="f">95</subfield>
   <subfield code="h">Roč. 78 ; 1939</subfield>
   <subfield code="l">UEP01</subfield>
   <subfield code="m">ISSBD</subfield>
   <subfield code="q">Knihovna Žižkov - sklad 2</subfield>
   <subfield code="t">prezenční - lze objednat</subfield>
   <subfield code="u">UEP01</subfield>
   <subfield code="w">20170802</subfield>
  </datafield>
  <datafield tag="996" ind1=" " ind2=" ">
   <subfield code="1">PSKL2</subfield>
   <subfield code="3">F219</subfield>
   <subfield code="4">PC=148/90</subfield>
   <subfield code="5">3142300979</subfield>
   <subfield code="7">Roč. CXXVIII., č. 7-12 (1989)</subfield>
   <subfield code="8">20170721</subfield>
   <subfield code="a">1989</subfield>
   <subfield code="b">128</subfield>
   <subfield code="c">7-12</subfield>
   <subfield code="f">95</subfield>
   <subfield code="h">Roč. CXXVIII., č. 7-12 (1989)</subfield>
   <subfield code="l">UEP01</subfield>
   <subfield code="m">ISSBD</subfield>
   <subfield code="q">Knihovna Žižkov - sklad 2</subfield>
   <subfield code="t">prezenční - lze objednat</subfield>
   <subfield code="u">UEP01</subfield>
   <subfield code="w">20170802</subfield>
  </datafield>
  <datafield tag="996" ind1=" " ind2=" ">
   <subfield code="1">PSKL2</subfield>
   <subfield code="3">F219</subfield>
   <subfield code="4">PC=152/39</subfield>
   <subfield code="5">3142301173</subfield>
   <subfield code="7">Roč. 77 ; 1938</subfield>
   <subfield code="8">20170718</subfield>
   <subfield code="a">1938</subfield>
   <subfield code="b">77</subfield>
   <subfield code="f">95</subfield>
   <subfield code="h">Roč. 77 ; 1938</subfield>
   <subfield code="l">UEP01</subfield>
   <subfield code="m">ISSBD</subfield>
   <subfield code="q">Knihovna Žižkov - sklad 2</subfield>
   <subfield code="t">prezenční - lze objednat</subfield>
   <subfield code="u">UEP01</subfield>
   <subfield code="w">20170802</subfield>
  </datafield>
  <datafield tag="996" ind1=" " ind2=" ">
   <subfield code="1">PSKL2</subfield>
   <subfield code="3">F219</subfield>
   <subfield code="4">PC=1525/90</subfield>
   <subfield code="5">3142300987</subfield>
   <subfield code="7">Roč. CXXVI., č. 7-12 (1987)</subfield>
   <subfield code="8">20170721</subfield>
   <subfield code="a">1987</subfield>
   <subfield code="b">126</subfield>
   <subfield code="c">7-12</subfield>
   <subfield code="f">95</subfield>
   <subfield code="h">Roč. CXXVI., č. 7-12 (1987)</subfield>
   <subfield code="l">UEP01</subfield>
   <subfield code="m">ISSBD</subfield>
   <subfield code="q">Knihovna Žižkov - sklad 2</subfield>
   <subfield code="t">prezenční - lze objednat</subfield>
   <subfield code="u">UEP01</subfield>
   <subfield code="w">20170802</subfield>
  </datafield>
  <datafield tag="996" ind1=" " ind2=" ">
   <subfield code="1">PSKL2</subfield>
   <subfield code="3">F219</subfield>
   <subfield code="4">PC=1559/25</subfield>
   <subfield code="5">3142300702</subfield>
   <subfield code="7">Roč. LXIII. (1924)</subfield>
   <subfield code="8">20170420</subfield>
   <subfield code="a">1924</subfield>
   <subfield code="b">63</subfield>
   <subfield code="f">95</subfield>
   <subfield code="h">Roč. LXIII. (1924)</subfield>
   <subfield code="l">UEP01</subfield>
   <subfield code="m">ISSBD</subfield>
   <subfield code="q">Knihovna Žižkov - sklad 2</subfield>
   <subfield code="t">prezenční - lze objednat</subfield>
   <subfield code="u">UEP01</subfield>
   <subfield code="w">20170801</subfield>
  </datafield>
  <datafield tag="996" ind1=" " ind2=" ">
   <subfield code="1">PSKL2</subfield>
   <subfield code="3">F219</subfield>
   <subfield code="4">PC=1616/56</subfield>
   <subfield code="5">3142301180</subfield>
   <subfield code="7">Roč. 94 ; 1955</subfield>
   <subfield code="8">20170718</subfield>
   <subfield code="a">1955</subfield>
   <subfield code="b">94</subfield>
   <subfield code="f">95</subfield>
   <subfield code="h">Roč. 94 ; 1955</subfield>
   <subfield code="l">UEP01</subfield>
   <subfield code="m">ISSBD</subfield>
   <subfield code="q">Knihovna Žižkov - sklad 2</subfield>
   <subfield code="t">prezenční - lze objednat</subfield>
   <subfield code="u">UEP01</subfield>
   <subfield code="w">20170802</subfield>
  </datafield>
  <datafield tag="996" ind1=" " ind2=" ">
   <subfield code="1">PSKL2</subfield>
   <subfield code="3">F219</subfield>
   <subfield code="4">PC=1684/33</subfield>
   <subfield code="5">3142300710</subfield>
   <subfield code="7">Roč. LXXI. (1932)</subfield>
   <subfield code="8">20170420</subfield>
   <subfield code="a">1932</subfield>
   <subfield code="b">71</subfield>
   <subfield code="f">95</subfield>
   <subfield code="h">Roč. LXXI. (1932)</subfield>
   <subfield code="l">UEP01</subfield>
   <subfield code="m">ISSBD</subfield>
   <subfield code="q">Knihovna Žižkov - sklad 2</subfield>
   <subfield code="t">prezenční - lze objednat</subfield>
   <subfield code="u">UEP01</subfield>
   <subfield code="w">20170801</subfield>
  </datafield>
  <datafield tag="996" ind1=" " ind2=" ">
   <subfield code="1">PSKL2</subfield>
   <subfield code="3">F219</subfield>
   <subfield code="4">PC=1685/33</subfield>
   <subfield code="5">3142301175</subfield>
   <subfield code="7">Roč. 72 ; 1933</subfield>
   <subfield code="8">20170718</subfield>
   <subfield code="a">1933</subfield>
   <subfield code="b">72</subfield>
   <subfield code="f">95</subfield>
   <subfield code="h">Roč. 72 ; 1933</subfield>
   <subfield code="l">UEP01</subfield>
   <subfield code="m">ISSBD</subfield>
   <subfield code="q">Knihovna Žižkov - sklad 2</subfield>
   <subfield code="t">prezenční - lze objednat</subfield>
   <subfield code="u">UEP01</subfield>
   <subfield code="w">20170802</subfield>
  </datafield>
  <datafield tag="996" ind1=" " ind2=" ">
   <subfield code="1">PSKL2</subfield>
   <subfield code="3">F219</subfield>
   <subfield code="4">PC=1712/83</subfield>
   <subfield code="5">3142300995</subfield>
   <subfield code="7">Roč. CXXI., č. 7-12 (1982)</subfield>
   <subfield code="8">20170721</subfield>
   <subfield code="a">1982</subfield>
   <subfield code="b">121</subfield>
   <subfield code="c">7-12</subfield>
   <subfield code="f">95</subfield>
   <subfield code="h">Roč. CXXI., č. 7-12 (1982)</subfield>
   <subfield code="l">UEP01</subfield>
   <subfield code="m">ISSBD</subfield>
   <subfield code="q">Knihovna Žižkov - sklad 2</subfield>
   <subfield code="t">prezenční - lze objednat</subfield>
   <subfield code="u">UEP01</subfield>
   <subfield code="w">20170802</subfield>
  </datafield>
  <datafield tag="996" ind1=" " ind2=" ">
   <subfield code="1">PSKL2</subfield>
   <subfield code="3">F219</subfield>
   <subfield code="4">PC=1751/83</subfield>
   <subfield code="5">3142300974</subfield>
   <subfield code="7">Roč. CXXI., č. 1-6 (1982)</subfield>
   <subfield code="8">20170721</subfield>
   <subfield code="a">1982</subfield>
   <subfield code="b">121</subfield>
   <subfield code="c">1-6</subfield>
   <subfield code="f">95</subfield>
   <subfield code="h">Roč. CXXI., č. 1-6 (1982)</subfield>
   <subfield code="l">UEP01</subfield>
   <subfield code="m">ISSBD</subfield>
   <subfield code="q">Knihovna Žižkov - sklad 2</subfield>
   <subfield code="t">prezenční - lze objednat</subfield>
   <subfield code="u">UEP01</subfield>
   <subfield code="w">20170802</subfield>
  </datafield>
  <datafield tag="996" ind1=" " ind2=" ">
   <subfield code="1">PSKL2</subfield>
   <subfield code="3">F219</subfield>
   <subfield code="4">PC=1797/37</subfield>
   <subfield code="5">3142301182</subfield>
   <subfield code="7">Roč. 75 ; 1936</subfield>
   <subfield code="8">20170718</subfield>
   <subfield code="a">1936</subfield>
   <subfield code="b">75</subfield>
   <subfield code="f">95</subfield>
   <subfield code="h">Roč. 75 ; 1936</subfield>
   <subfield code="l">UEP01</subfield>
   <subfield code="m">ISSBD</subfield>
   <subfield code="q">Knihovna Žižkov - sklad 2</subfield>
   <subfield code="t">prezenční - lze objednat</subfield>
   <subfield code="u">UEP01</subfield>
   <subfield code="w">20170802</subfield>
  </datafield>
  <datafield tag="996" ind1=" " ind2=" ">
   <subfield code="1">PSKL2</subfield>
   <subfield code="3">F219</subfield>
   <subfield code="4">PC=1798/30</subfield>
   <subfield code="5">3142300708</subfield>
   <subfield code="7">Roč. LXIX. (1930)</subfield>
   <subfield code="8">20170420</subfield>
   <subfield code="a">1930</subfield>
   <subfield code="b">69</subfield>
   <subfield code="f">95</subfield>
   <subfield code="h">Roč. LXIX. (1930)</subfield>
   <subfield code="l">UEP01</subfield>
   <subfield code="m">ISSBD</subfield>
   <subfield code="q">Knihovna Žižkov - sklad 2</subfield>
   <subfield code="t">prezenční - lze objednat</subfield>
   <subfield code="u">UEP01</subfield>
   <subfield code="w">20170801</subfield>
  </datafield>
  <datafield tag="996" ind1=" " ind2=" ">
   <subfield code="1">PSKL2</subfield>
   <subfield code="3">F219</subfield>
   <subfield code="4">PC=1973/72</subfield>
   <subfield code="5">3142300716</subfield>
   <subfield code="7">Roč. CVII., č. 7-12 (1968)</subfield>
   <subfield code="8">20170428</subfield>
   <subfield code="a">1968</subfield>
   <subfield code="b">107</subfield>
   <subfield code="c">7-12</subfield>
   <subfield code="f">95</subfield>
   <subfield code="h">Roč. CVII., č. 7-12 (1968)</subfield>
   <subfield code="l">UEP01</subfield>
   <subfield code="m">ISSBD</subfield>
   <subfield code="q">Knihovna Žižkov - sklad 2</subfield>
   <subfield code="t">prezenční - lze objednat</subfield>
   <subfield code="u">UEP01</subfield>
   <subfield code="w">20170801</subfield>
  </datafield>
  <datafield tag="996" ind1=" " ind2=" ">
   <subfield code="1">PSKL2</subfield>
   <subfield code="3">F219</subfield>
   <subfield code="4">PC=1981/27</subfield>
   <subfield code="5">3142300705</subfield>
   <subfield code="7">Roč. LXVI. (1927)</subfield>
   <subfield code="8">20170420</subfield>
   <subfield code="a">1927</subfield>
   <subfield code="b">66</subfield>
   <subfield code="f">95</subfield>
   <subfield code="h">Roč. LXVI. (1927)</subfield>
   <subfield code="l">UEP01</subfield>
   <subfield code="m">ISSBD</subfield>
   <subfield code="q">Knihovna Žižkov - sklad 2</subfield>
   <subfield code="t">prezenční - lze objednat</subfield>
   <subfield code="u">UEP01</subfield>
   <subfield code="w">20170801</subfield>
  </datafield>
  <datafield tag="996" ind1=" " ind2=" ">
   <subfield code="1">PSKL2</subfield>
   <subfield code="3">F219</subfield>
   <subfield code="4">PC=20/38</subfield>
   <subfield code="5">3142301174</subfield>
   <subfield code="7">Roč. 76 ; 1937</subfield>
   <subfield code="8">20170718</subfield>
   <subfield code="a">1937</subfield>
   <subfield code="b">76</subfield>
   <subfield code="f">95</subfield>
   <subfield code="h">Roč. 76 ; 1937</subfield>
   <subfield code="l">UEP01</subfield>
   <subfield code="m">ISSBD</subfield>
   <subfield code="q">Knihovna Žižkov - sklad 2</subfield>
   <subfield code="t">prezenční - lze objednat</subfield>
   <subfield code="u">UEP01</subfield>
   <subfield code="w">20170802</subfield>
  </datafield>
  <datafield tag="996" ind1=" " ind2=" ">
   <subfield code="1">PSKL2</subfield>
   <subfield code="3">F219</subfield>
   <subfield code="4">PC=2038/80</subfield>
   <subfield code="5">3142300731</subfield>
   <subfield code="7">Roč. 117., č. 1-6 (1978)</subfield>
   <subfield code="8">20170428</subfield>
   <subfield code="a">1978</subfield>
   <subfield code="b">117</subfield>
   <subfield code="c">1-6</subfield>
   <subfield code="f">95</subfield>
   <subfield code="h">Roč. 117., č. 1-6 (1978)</subfield>
   <subfield code="l">UEP01</subfield>
   <subfield code="m">ISSBD</subfield>
   <subfield code="q">Knihovna Žižkov - sklad 2</subfield>
   <subfield code="t">prezenční - lze objednat</subfield>
   <subfield code="u">UEP01</subfield>
   <subfield code="w">20170801</subfield>
  </datafield>
  <datafield tag="996" ind1=" " ind2=" ">
   <subfield code="1">PSKL2</subfield>
   <subfield code="3">F219</subfield>
   <subfield code="4">PC=218/41</subfield>
   <subfield code="5">3142301183</subfield>
   <subfield code="7">Roč. 79 ; 1940</subfield>
   <subfield code="8">20170718</subfield>
   <subfield code="a">1940</subfield>
   <subfield code="b">79</subfield>
   <subfield code="f">95</subfield>
   <subfield code="h">Roč. 79 ; 1940</subfield>
   <subfield code="l">UEP01</subfield>
   <subfield code="m">ISSBD</subfield>
   <subfield code="q">Knihovna Žižkov - sklad 2</subfield>
   <subfield code="t">prezenční - lze objednat</subfield>
   <subfield code="u">UEP01</subfield>
   <subfield code="w">20170802</subfield>
  </datafield>
  <datafield tag="996" ind1=" " ind2=" ">
   <subfield code="1">PSKL2</subfield>
   <subfield code="3">F219</subfield>
   <subfield code="4">PC=2230/28</subfield>
   <subfield code="5">3142300706</subfield>
   <subfield code="7">Roč. LXVII. (1928)</subfield>
   <subfield code="8">20170420</subfield>
   <subfield code="a">1928</subfield>
   <subfield code="b">67</subfield>
   <subfield code="f">95</subfield>
   <subfield code="h">Roč. LXVII. (1928)</subfield>
   <subfield code="l">UEP01</subfield>
   <subfield code="m">ISSBD</subfield>
   <subfield code="q">Knihovna Žižkov - sklad 2</subfield>
   <subfield code="t">prezenční - lze objednat</subfield>
   <subfield code="u">UEP01</subfield>
   <subfield code="w">20170801</subfield>
  </datafield>
  <datafield tag="996" ind1=" " ind2=" ">
   <subfield code="1">PSKL2</subfield>
   <subfield code="3">F219</subfield>
   <subfield code="4">PC=227/23</subfield>
   <subfield code="5">3142300701</subfield>
   <subfield code="7">Roč. LXII. (1923)</subfield>
   <subfield code="8">20170420</subfield>
   <subfield code="a">1923</subfield>
   <subfield code="b">62</subfield>
   <subfield code="f">95</subfield>
   <subfield code="h">Roč. LXII. (1923)</subfield>
   <subfield code="l">UEP01</subfield>
   <subfield code="m">ISSBD</subfield>
   <subfield code="q">Knihovna Žižkov - sklad 2</subfield>
   <subfield code="t">prezenční - lze objednat</subfield>
   <subfield code="u">UEP01</subfield>
   <subfield code="w">20170801</subfield>
  </datafield>
  <datafield tag="996" ind1=" " ind2=" ">
   <subfield code="1">PSKL2</subfield>
   <subfield code="3">F219</subfield>
   <subfield code="4">PC=229/90</subfield>
   <subfield code="5">3142300975</subfield>
   <subfield code="7">Roč. CXXVII., č. 1-6 (1988)</subfield>
   <subfield code="8">20170721</subfield>
   <subfield code="a">1988</subfield>
   <subfield code="b">127</subfield>
   <subfield code="c">1-6</subfield>
   <subfield code="f">95</subfield>
   <subfield code="h">Roč. CXXVII., č. 1-6 (1988)</subfield>
   <subfield code="l">UEP01</subfield>
   <subfield code="m">ISSBD</subfield>
   <subfield code="q">Knihovna Žižkov - sklad 2</subfield>
   <subfield code="t">prezenční - lze objednat</subfield>
   <subfield code="u">UEP01</subfield>
   <subfield code="w">20170802</subfield>
  </datafield>
  <datafield tag="996" ind1=" " ind2=" ">
   <subfield code="1">PSKL2</subfield>
   <subfield code="3">F219</subfield>
   <subfield code="4">PC=232/27</subfield>
   <subfield code="5">3142300704</subfield>
   <subfield code="7">Roč. LXV. (1926)</subfield>
   <subfield code="8">20170420</subfield>
   <subfield code="a">1926</subfield>
   <subfield code="b">65</subfield>
   <subfield code="f">95</subfield>
   <subfield code="h">Roč. LXV. (1926)</subfield>
   <subfield code="l">UEP01</subfield>
   <subfield code="m">ISSBD</subfield>
   <subfield code="q">Knihovna Žižkov - sklad 2</subfield>
   <subfield code="t">prezenční - lze objednat</subfield>
   <subfield code="u">UEP01</subfield>
   <subfield code="w">20170801</subfield>
  </datafield>
  <datafield tag="996" ind1=" " ind2=" ">
   <subfield code="1">PSKL2</subfield>
   <subfield code="3">F219</subfield>
   <subfield code="4">PC=239/92</subfield>
   <subfield code="5">3142300978</subfield>
   <subfield code="7">Roč. CXXVII., č. 7-12 (1988)</subfield>
   <subfield code="8">20170721</subfield>
   <subfield code="a">1988</subfield>
   <subfield code="b">127</subfield>
   <subfield code="c">7-12</subfield>
   <subfield code="f">95</subfield>
   <subfield code="h">Roč. CXXVII., č. 7-12 (1988)</subfield>
   <subfield code="l">UEP01</subfield>
   <subfield code="m">ISSBD</subfield>
   <subfield code="q">Knihovna Žižkov - sklad 2</subfield>
   <subfield code="t">prezenční - lze objednat</subfield>
   <subfield code="u">UEP01</subfield>
   <subfield code="w">20170802</subfield>
  </datafield>
  <datafield tag="996" ind1=" " ind2=" ">
   <subfield code="1">PSKL2</subfield>
   <subfield code="3">F219</subfield>
   <subfield code="4">PC=258/85</subfield>
   <subfield code="5">3142300994</subfield>
   <subfield code="7">Roč. CXXII., č. 1-6 (1983)</subfield>
   <subfield code="8">20170721</subfield>
   <subfield code="a">1983</subfield>
   <subfield code="b">122</subfield>
   <subfield code="c">1-6</subfield>
   <subfield code="f">95</subfield>
   <subfield code="h">Roč. CXXII., č. 1-6 (1983)</subfield>
   <subfield code="l">UEP01</subfield>
   <subfield code="m">ISSBD</subfield>
   <subfield code="q">Knihovna Žižkov - sklad 2</subfield>
   <subfield code="t">prezenční - lze objednat</subfield>
   <subfield code="u">UEP01</subfield>
   <subfield code="w">20170802</subfield>
  </datafield>
  <datafield tag="996" ind1=" " ind2=" ">
   <subfield code="1">PSKL2</subfield>
   <subfield code="3">F219</subfield>
   <subfield code="4">PC=2714/29</subfield>
   <subfield code="5">3142300707</subfield>
   <subfield code="7">Roč. LXVIII. (1929)</subfield>
   <subfield code="8">20170420</subfield>
   <subfield code="a">1929</subfield>
   <subfield code="b">68</subfield>
   <subfield code="f">95</subfield>
   <subfield code="h">Roč. LXVIII. (1929)</subfield>
   <subfield code="l">UEP01</subfield>
   <subfield code="m">ISSBD</subfield>
   <subfield code="q">Knihovna Žižkov - sklad 2</subfield>
   <subfield code="t">prezenční - lze objednat</subfield>
   <subfield code="u">UEP01</subfield>
   <subfield code="w">20170801</subfield>
  </datafield>
  <datafield tag="996" ind1=" " ind2=" ">
   <subfield code="1">PSKL2</subfield>
   <subfield code="3">F219</subfield>
   <subfield code="4">PC=2714/80</subfield>
   <subfield code="5">3142300728</subfield>
   <subfield code="7">Roč. CXV., č. 7-12 (1976)</subfield>
   <subfield code="8">20170428</subfield>
   <subfield code="a">1976</subfield>
   <subfield code="b">115</subfield>
   <subfield code="c">7-12</subfield>
   <subfield code="f">95</subfield>
   <subfield code="h">Roč. CXV., č. 7-12 (1976)</subfield>
   <subfield code="l">UEP01</subfield>
   <subfield code="m">ISSBD</subfield>
   <subfield code="q">Knihovna Žižkov - sklad 2</subfield>
   <subfield code="t">prezenční - lze objednat</subfield>
   <subfield code="u">UEP01</subfield>
   <subfield code="w">20170801</subfield>
  </datafield>
  <datafield tag="996" ind1=" " ind2=" ">
   <subfield code="1">PSKL2</subfield>
   <subfield code="3">F219</subfield>
   <subfield code="4">PC=318/90</subfield>
   <subfield code="5">3142300976</subfield>
   <subfield code="7">Roč. CXXVI., č. 1-6 (1987)</subfield>
   <subfield code="8">20170721</subfield>
   <subfield code="a">1987</subfield>
   <subfield code="b">126</subfield>
   <subfield code="c">1-6</subfield>
   <subfield code="f">95</subfield>
   <subfield code="h">Roč. CXXVI., č. 1-6 (1987)</subfield>
   <subfield code="l">UEP01</subfield>
   <subfield code="m">ISSBD</subfield>
   <subfield code="q">Knihovna Žižkov - sklad 2</subfield>
   <subfield code="t">prezenční - lze objednat</subfield>
   <subfield code="u">UEP01</subfield>
   <subfield code="w">20170802</subfield>
  </datafield>
  <datafield tag="996" ind1=" " ind2=" ">
   <subfield code="1">PSKL2</subfield>
   <subfield code="3">F219</subfield>
   <subfield code="4">PC=328/50</subfield>
   <subfield code="5">3142301189</subfield>
   <subfield code="7">Roč. 89 + Právní prakse Roč. 14 (1950)</subfield>
   <subfield code="8">20170717</subfield>
   <subfield code="a">1950</subfield>
   <subfield code="b">89</subfield>
   <subfield code="f">95</subfield>
   <subfield code="h">Roč. 89 + Právní prakse Roč. 14 (1950)</subfield>
   <subfield code="l">UEP01</subfield>
   <subfield code="m">ISSBD</subfield>
   <subfield code="q">Knihovna Žižkov - sklad 2</subfield>
   <subfield code="t">prezenční - lze objednat</subfield>
   <subfield code="u">UEP01</subfield>
   <subfield code="w">20240222</subfield>
  </datafield>
  <datafield tag="996" ind1=" " ind2=" ">
   <subfield code="1">PSKL2</subfield>
   <subfield code="3">F219</subfield>
   <subfield code="4">PC=3312/25 ; 3488/25</subfield>
   <subfield code="5">3142300703</subfield>
   <subfield code="7">Roč. LXIV. (1925)</subfield>
   <subfield code="8">20170420</subfield>
   <subfield code="a">1925</subfield>
   <subfield code="b">64</subfield>
   <subfield code="f">95</subfield>
   <subfield code="h">Roč. LXIV. (1925)</subfield>
   <subfield code="l">UEP01</subfield>
   <subfield code="m">ISSBD</subfield>
   <subfield code="q">Knihovna Žižkov - sklad 2</subfield>
   <subfield code="t">prezenční - lze objednat</subfield>
   <subfield code="u">UEP01</subfield>
   <subfield code="w">20170801</subfield>
  </datafield>
  <datafield tag="996" ind1=" " ind2=" ">
   <subfield code="1">PSKL2</subfield>
   <subfield code="3">F219</subfield>
   <subfield code="4">PC=34/35</subfield>
   <subfield code="5">3142301178</subfield>
   <subfield code="7">Roč. 73 ; 1934</subfield>
   <subfield code="8">20170718</subfield>
   <subfield code="a">1934</subfield>
   <subfield code="b">73</subfield>
   <subfield code="f">95</subfield>
   <subfield code="h">Roč. 73 ; 1934</subfield>
   <subfield code="l">UEP01</subfield>
   <subfield code="m">ISSBD</subfield>
   <subfield code="q">Knihovna Žižkov - sklad 2</subfield>
   <subfield code="t">prezenční - lze objednat</subfield>
   <subfield code="u">UEP01</subfield>
   <subfield code="w">20170802</subfield>
  </datafield>
  <datafield tag="996" ind1=" " ind2=" ">
   <subfield code="1">PSKL2</subfield>
   <subfield code="3">F219</subfield>
   <subfield code="4">PC=348/83</subfield>
   <subfield code="5">3142300989</subfield>
   <subfield code="7">Roč. CXX., č. 1-6 (1981)</subfield>
   <subfield code="8">20170721</subfield>
   <subfield code="a">1981</subfield>
   <subfield code="b">120</subfield>
   <subfield code="c">1-6</subfield>
   <subfield code="f">95</subfield>
   <subfield code="h">Roč. CXX., č. 1-6 (1981)</subfield>
   <subfield code="l">UEP01</subfield>
   <subfield code="m">ISSBD</subfield>
   <subfield code="q">Knihovna Žižkov - sklad 2</subfield>
   <subfield code="t">prezenční - lze objednat</subfield>
   <subfield code="u">UEP01</subfield>
   <subfield code="w">20170802</subfield>
  </datafield>
  <datafield tag="996" ind1=" " ind2=" ">
   <subfield code="1">PSKL2</subfield>
   <subfield code="3">F219</subfield>
   <subfield code="4">PC=348/88</subfield>
   <subfield code="5">3142300982</subfield>
   <subfield code="7">Roč. CXXV., č. 1-6 (1986)</subfield>
   <subfield code="8">20170721</subfield>
   <subfield code="a">1986</subfield>
   <subfield code="b">125</subfield>
   <subfield code="c">1-6</subfield>
   <subfield code="f">95</subfield>
   <subfield code="h">Roč. CXXV., č. 1-6 (1986)</subfield>
   <subfield code="l">UEP01</subfield>
   <subfield code="m">ISSBD</subfield>
   <subfield code="q">Knihovna Žižkov - sklad 2</subfield>
   <subfield code="t">prezenční - lze objednat</subfield>
   <subfield code="u">UEP01</subfield>
   <subfield code="w">20170802</subfield>
  </datafield>
  <datafield tag="996" ind1=" " ind2=" ">
   <subfield code="1">PSKL2</subfield>
   <subfield code="3">F219</subfield>
   <subfield code="4">PC=3698/53</subfield>
   <subfield code="5">3142301184</subfield>
   <subfield code="7">Roč. 91 + Právní prakse roč. 16 (1952)</subfield>
   <subfield code="8">20170717</subfield>
   <subfield code="a">1952</subfield>
   <subfield code="b">91</subfield>
   <subfield code="f">95</subfield>
   <subfield code="h">Roč. 91 + Právní prakse roč. 16 (1952)</subfield>
   <subfield code="l">UEP01</subfield>
   <subfield code="m">ISSBD</subfield>
   <subfield code="q">Knihovna Žižkov - sklad 2</subfield>
   <subfield code="t">prezenční - lze objednat</subfield>
   <subfield code="u">UEP01</subfield>
   <subfield code="w">20240222</subfield>
  </datafield>
  <datafield tag="996" ind1=" " ind2=" ">
   <subfield code="1">PSKL2</subfield>
   <subfield code="3">F219</subfield>
   <subfield code="4">PC=3965/57</subfield>
   <subfield code="5">3142301179</subfield>
   <subfield code="7">Roč. 95 ; 1956</subfield>
   <subfield code="8">20170718</subfield>
   <subfield code="a">1956</subfield>
   <subfield code="b">95</subfield>
   <subfield code="f">95</subfield>
   <subfield code="h">Roč. 95 ; 1956</subfield>
   <subfield code="l">UEP01</subfield>
   <subfield code="m">ISSBD</subfield>
   <subfield code="q">Knihovna Žižkov - sklad 2</subfield>
   <subfield code="t">prezenční - lze objednat</subfield>
   <subfield code="u">UEP01</subfield>
   <subfield code="w">20170802</subfield>
  </datafield>
  <datafield tag="996" ind1=" " ind2=" ">
   <subfield code="1">PSKL2</subfield>
   <subfield code="3">F219</subfield>
   <subfield code="4">PC=4092/76</subfield>
   <subfield code="5">3142300725</subfield>
   <subfield code="7">Roč. CXIII., č. 1-6 (1974)</subfield>
   <subfield code="8">20170428</subfield>
   <subfield code="a">1974</subfield>
   <subfield code="b">113</subfield>
   <subfield code="c">1-6</subfield>
   <subfield code="f">95</subfield>
   <subfield code="h">Roč. CXIII., č. 1-6 (1974)</subfield>
   <subfield code="l">UEP01</subfield>
   <subfield code="m">ISSBD</subfield>
   <subfield code="q">Knihovna Žižkov - sklad 2</subfield>
   <subfield code="t">prezenční - lze objednat</subfield>
   <subfield code="u">UEP01</subfield>
   <subfield code="w">20170801</subfield>
  </datafield>
  <datafield tag="996" ind1=" " ind2=" ">
   <subfield code="1">PSKL2</subfield>
   <subfield code="3">F219</subfield>
   <subfield code="4">PC=4093/76</subfield>
   <subfield code="5">3142300726</subfield>
   <subfield code="7">Roč. CXIII., č. 7-12 (1974)</subfield>
   <subfield code="8">20170428</subfield>
   <subfield code="a">1974</subfield>
   <subfield code="b">113</subfield>
   <subfield code="c">7-12</subfield>
   <subfield code="f">95</subfield>
   <subfield code="h">Roč. CXIII., č. 7-12 (1974)</subfield>
   <subfield code="l">UEP01</subfield>
   <subfield code="m">ISSBD</subfield>
   <subfield code="q">Knihovna Žižkov - sklad 2</subfield>
   <subfield code="t">prezenční - lze objednat</subfield>
   <subfield code="u">UEP01</subfield>
   <subfield code="w">20170801</subfield>
  </datafield>
  <datafield tag="996" ind1=" " ind2=" ">
   <subfield code="1">PSKL2</subfield>
   <subfield code="3">F219</subfield>
   <subfield code="4">PC=420/90</subfield>
   <subfield code="5">3142300734</subfield>
   <subfield code="7">Roč. 125., č. 7-12 (1986)</subfield>
   <subfield code="8">20170428</subfield>
   <subfield code="a">1986</subfield>
   <subfield code="b">125</subfield>
   <subfield code="c">7-12</subfield>
   <subfield code="f">95</subfield>
   <subfield code="h">Roč. 125., č. 7-12 (1986)</subfield>
   <subfield code="l">UEP01</subfield>
   <subfield code="m">ISSBD</subfield>
   <subfield code="q">Knihovna Žižkov - sklad 2</subfield>
   <subfield code="t">prezenční - lze objednat</subfield>
   <subfield code="u">UEP01</subfield>
   <subfield code="w">20170801</subfield>
  </datafield>
  <datafield tag="996" ind1=" " ind2=" ">
   <subfield code="1">PSKL2</subfield>
   <subfield code="3">F219</subfield>
   <subfield code="4">PC=428/72</subfield>
   <subfield code="5">3142300715</subfield>
   <subfield code="7">Roč. CVII., č. 1-6 (1968)</subfield>
   <subfield code="8">20170428</subfield>
   <subfield code="a">1968</subfield>
   <subfield code="b">107</subfield>
   <subfield code="c">1-6</subfield>
   <subfield code="f">95</subfield>
   <subfield code="h">Roč. CVII., č. 1-6 (1968)</subfield>
   <subfield code="l">UEP01</subfield>
   <subfield code="m">ISSBD</subfield>
   <subfield code="q">Knihovna Žižkov - sklad 2</subfield>
   <subfield code="t">prezenční - lze objednat</subfield>
   <subfield code="u">UEP01</subfield>
   <subfield code="w">20170801</subfield>
  </datafield>
  <datafield tag="996" ind1=" " ind2=" ">
   <subfield code="1">PSKL2</subfield>
   <subfield code="3">F219</subfield>
   <subfield code="4">PC=434/91</subfield>
   <subfield code="5">3142300977</subfield>
   <subfield code="7">Roč. CXXIX., č. 7-12 (1990)</subfield>
   <subfield code="8">20170721</subfield>
   <subfield code="a">1990</subfield>
   <subfield code="b">129</subfield>
   <subfield code="c">7-12</subfield>
   <subfield code="f">95</subfield>
   <subfield code="h">Roč. CXXIX., č. 7-12 (1990)</subfield>
   <subfield code="l">UEP01</subfield>
   <subfield code="m">ISSBD</subfield>
   <subfield code="q">Knihovna Žižkov - sklad 2</subfield>
   <subfield code="t">prezenční - lze objednat</subfield>
   <subfield code="u">UEP01</subfield>
   <subfield code="w">20170802</subfield>
  </datafield>
  <datafield tag="996" ind1=" " ind2=" ">
   <subfield code="1">PSKL2</subfield>
   <subfield code="3">F219</subfield>
   <subfield code="4">PC=444/51</subfield>
   <subfield code="5">3142301186</subfield>
   <subfield code="7">Roč. 90 + Právní prakse Roč. 15 (1951)</subfield>
   <subfield code="8">20170717</subfield>
   <subfield code="a">1951</subfield>
   <subfield code="b">90</subfield>
   <subfield code="f">95</subfield>
   <subfield code="h">Roč. 90 + Právní prakse Roč. 15 (1951)</subfield>
   <subfield code="l">UEP01</subfield>
   <subfield code="m">ISSBD</subfield>
   <subfield code="q">Knihovna Žižkov - sklad 2</subfield>
   <subfield code="t">prezenční - lze objednat</subfield>
   <subfield code="u">UEP01</subfield>
   <subfield code="w">20240222</subfield>
  </datafield>
  <datafield tag="996" ind1=" " ind2=" ">
   <subfield code="1">PSKL2</subfield>
   <subfield code="3">F219</subfield>
   <subfield code="4">PC=519/21</subfield>
   <subfield code="5">3142301027</subfield>
   <subfield code="7">Roč. XLII. ; 1903</subfield>
   <subfield code="8">20170718</subfield>
   <subfield code="a">1903</subfield>
   <subfield code="b">42</subfield>
   <subfield code="f">95</subfield>
   <subfield code="h">Roč. XLII. ; 1903</subfield>
   <subfield code="l">UEP01</subfield>
   <subfield code="m">ISSBD</subfield>
   <subfield code="q">Knihovna Žižkov - sklad 2</subfield>
   <subfield code="t">prezenční - lze objednat</subfield>
   <subfield code="u">UEP01</subfield>
   <subfield code="w">20170802</subfield>
  </datafield>
  <datafield tag="996" ind1=" " ind2=" ">
   <subfield code="1">PSKL2</subfield>
   <subfield code="3">F219</subfield>
   <subfield code="4">PC=52/36</subfield>
   <subfield code="5">3142301177</subfield>
   <subfield code="7">Roč. 74 ; 1935</subfield>
   <subfield code="8">20170718</subfield>
   <subfield code="a">1935</subfield>
   <subfield code="b">74</subfield>
   <subfield code="f">95</subfield>
   <subfield code="h">Roč. 74 ; 1935</subfield>
   <subfield code="l">UEP01</subfield>
   <subfield code="m">ISSBD</subfield>
   <subfield code="q">Knihovna Žižkov - sklad 2</subfield>
   <subfield code="t">prezenční - lze objednat</subfield>
   <subfield code="u">UEP01</subfield>
   <subfield code="w">20170802</subfield>
  </datafield>
  <datafield tag="996" ind1=" " ind2=" ">
   <subfield code="1">PSKL2</subfield>
   <subfield code="3">F219</subfield>
   <subfield code="4">PC=5490/55</subfield>
   <subfield code="5">3142301181</subfield>
   <subfield code="7">Roč. 93 + Právní praxe roč. 18 ; 1954</subfield>
   <subfield code="8">20170718</subfield>
   <subfield code="a">1954</subfield>
   <subfield code="b">93</subfield>
   <subfield code="f">95</subfield>
   <subfield code="h">Roč. 93 + Právní praxe roč. 18 ; 1954</subfield>
   <subfield code="l">UEP01</subfield>
   <subfield code="m">ISSBD</subfield>
   <subfield code="q">Knihovna Žižkov - sklad 2</subfield>
   <subfield code="t">prezenční - lze objednat</subfield>
   <subfield code="u">UEP01</subfield>
   <subfield code="w">20170802</subfield>
  </datafield>
  <datafield tag="996" ind1=" " ind2=" ">
   <subfield code="1">PSKL2</subfield>
   <subfield code="3">F219</subfield>
   <subfield code="4">PC=558/82</subfield>
   <subfield code="5">3142300991</subfield>
   <subfield code="7">Roč. CXIX., č. 1-6 (1980)</subfield>
   <subfield code="8">20170721</subfield>
   <subfield code="a">1980</subfield>
   <subfield code="b">119</subfield>
   <subfield code="c">1-6</subfield>
   <subfield code="f">95</subfield>
   <subfield code="h">Roč. CXIX., č. 1-6 (1980)</subfield>
   <subfield code="l">UEP01</subfield>
   <subfield code="m">ISSBD</subfield>
   <subfield code="q">Knihovna Žižkov - sklad 2</subfield>
   <subfield code="t">prezenční - lze objednat</subfield>
   <subfield code="u">UEP01</subfield>
   <subfield code="w">20170802</subfield>
  </datafield>
  <datafield tag="996" ind1=" " ind2=" ">
   <subfield code="1">PSKL2</subfield>
   <subfield code="3">F219</subfield>
   <subfield code="4">PC=579/81</subfield>
   <subfield code="5">3142301228</subfield>
   <subfield code="7">Roč. CXVIII., č. 1-6 (1979)</subfield>
   <subfield code="8">20170721</subfield>
   <subfield code="a">1979</subfield>
   <subfield code="b">118</subfield>
   <subfield code="c">1-6</subfield>
   <subfield code="f">95</subfield>
   <subfield code="h">Roč. CXVIII., č. 1-6 (1979)</subfield>
   <subfield code="l">UEP01</subfield>
   <subfield code="m">ISSBD</subfield>
   <subfield code="q">Knihovna Žižkov - sklad 2</subfield>
   <subfield code="t">prezenční - lze objednat</subfield>
   <subfield code="u">UEP01</subfield>
   <subfield code="w">20170802</subfield>
  </datafield>
  <datafield tag="996" ind1=" " ind2=" ">
   <subfield code="1">PSKL2</subfield>
   <subfield code="3">F219</subfield>
   <subfield code="4">PC=632/81</subfield>
   <subfield code="5">3142300733</subfield>
   <subfield code="7">Roč. 118., č. 7-12 (1979)</subfield>
   <subfield code="8">20170428</subfield>
   <subfield code="a">1979</subfield>
   <subfield code="b">118</subfield>
   <subfield code="c">7-12</subfield>
   <subfield code="f">95</subfield>
   <subfield code="h">Roč. 118., č. 7-12 (1979)</subfield>
   <subfield code="l">UEP01</subfield>
   <subfield code="m">ISSBD</subfield>
   <subfield code="q">Knihovna Žižkov - sklad 2</subfield>
   <subfield code="t">prezenční - lze objednat</subfield>
   <subfield code="u">UEP01</subfield>
   <subfield code="w">20170801</subfield>
  </datafield>
  <datafield tag="996" ind1=" " ind2=" ">
   <subfield code="1">PSKL2</subfield>
   <subfield code="3">F219</subfield>
   <subfield code="4">PC=674/80</subfield>
   <subfield code="5">3142300729</subfield>
   <subfield code="7">Roč. 116., č. 1-6 (1977)</subfield>
   <subfield code="8">20170428</subfield>
   <subfield code="a">1977</subfield>
   <subfield code="b">116</subfield>
   <subfield code="c">1-6</subfield>
   <subfield code="f">95</subfield>
   <subfield code="h">Roč. 116., č. 1-6 (1977)</subfield>
   <subfield code="l">UEP01</subfield>
   <subfield code="m">ISSBD</subfield>
   <subfield code="q">Knihovna Žižkov - sklad 2</subfield>
   <subfield code="t">prezenční - lze objednat</subfield>
   <subfield code="u">UEP01</subfield>
   <subfield code="w">20170801</subfield>
  </datafield>
  <datafield tag="996" ind1=" " ind2=" ">
   <subfield code="1">PSKL2</subfield>
   <subfield code="3">F219</subfield>
   <subfield code="4">PC=7235/74</subfield>
   <subfield code="5">3142300723</subfield>
   <subfield code="7">Roč. CXII., č. 1-6 (1973)</subfield>
   <subfield code="8">20170428</subfield>
   <subfield code="a">1973</subfield>
   <subfield code="b">112</subfield>
   <subfield code="c">1-6</subfield>
   <subfield code="f">95</subfield>
   <subfield code="h">Roč. CXII., č. 1-6 (1973)</subfield>
   <subfield code="l">UEP01</subfield>
   <subfield code="m">ISSBD</subfield>
   <subfield code="q">Knihovna Žižkov - sklad 2</subfield>
   <subfield code="t">prezenční - lze objednat</subfield>
   <subfield code="u">UEP01</subfield>
   <subfield code="w">20170801</subfield>
  </datafield>
  <datafield tag="996" ind1=" " ind2=" ">
   <subfield code="1">PSKL2</subfield>
   <subfield code="3">F219</subfield>
   <subfield code="4">PC=74/83</subfield>
   <subfield code="5">3142300988</subfield>
   <subfield code="7">Roč. CXX., č. 7-12 (1981)</subfield>
   <subfield code="8">20170721</subfield>
   <subfield code="a">1981</subfield>
   <subfield code="b">120</subfield>
   <subfield code="c">7-12</subfield>
   <subfield code="f">95</subfield>
   <subfield code="h">Roč. CXX., č. 7-12 (1981)</subfield>
   <subfield code="l">UEP01</subfield>
   <subfield code="m">ISSBD</subfield>
   <subfield code="q">Knihovna Žižkov - sklad 2</subfield>
   <subfield code="t">prezenční - lze objednat</subfield>
   <subfield code="u">UEP01</subfield>
   <subfield code="w">20170802</subfield>
  </datafield>
  <datafield tag="996" ind1=" " ind2=" ">
   <subfield code="1">PSKL2</subfield>
   <subfield code="3">F219</subfield>
   <subfield code="4">PC=751/1921</subfield>
   <subfield code="5">3142300690</subfield>
   <subfield code="7">Roč. LI. (1912)</subfield>
   <subfield code="8">20170420</subfield>
   <subfield code="a">1912</subfield>
   <subfield code="b">51</subfield>
   <subfield code="f">95</subfield>
   <subfield code="h">Roč. LI. (1912)</subfield>
   <subfield code="l">UEP01</subfield>
   <subfield code="m">ISSBD</subfield>
   <subfield code="q">Knihovna Žižkov - sklad 2</subfield>
   <subfield code="t">prezenční - lze objednat</subfield>
   <subfield code="u">UEP01</subfield>
   <subfield code="w">20170801</subfield>
  </datafield>
  <datafield tag="996" ind1=" " ind2=" ">
   <subfield code="1">PSKL2</subfield>
   <subfield code="3">F219</subfield>
   <subfield code="4">PC=751/21</subfield>
   <subfield code="5">3142300688</subfield>
   <subfield code="7">Roč. XLVIII. (1909)</subfield>
   <subfield code="8">20170420</subfield>
   <subfield code="a">1909</subfield>
   <subfield code="b">48</subfield>
   <subfield code="f">95</subfield>
   <subfield code="h">Roč. XLVIII. (1909)</subfield>
   <subfield code="l">UEP01</subfield>
   <subfield code="m">ISSBD</subfield>
   <subfield code="q">Knihovna Žižkov - sklad 2</subfield>
   <subfield code="t">prezenční - lze objednat</subfield>
   <subfield code="u">UEP01</subfield>
   <subfield code="w">20170801</subfield>
  </datafield>
  <datafield tag="996" ind1=" " ind2=" ">
   <subfield code="1">PSKL2</subfield>
   <subfield code="3">F219</subfield>
   <subfield code="4">PC=751/21</subfield>
   <subfield code="5">3142300689</subfield>
   <subfield code="7">Roč. XLIX. (1910)</subfield>
   <subfield code="8">20170420</subfield>
   <subfield code="a">1910</subfield>
   <subfield code="b">49</subfield>
   <subfield code="f">95</subfield>
   <subfield code="h">Roč. XLIX. (1910)</subfield>
   <subfield code="l">UEP01</subfield>
   <subfield code="m">ISSBD</subfield>
   <subfield code="q">Knihovna Žižkov - sklad 2</subfield>
   <subfield code="t">prezenční - lze objednat</subfield>
   <subfield code="u">UEP01</subfield>
   <subfield code="w">20170801</subfield>
  </datafield>
  <datafield tag="996" ind1=" " ind2=" ">
   <subfield code="1">PSKL2</subfield>
   <subfield code="3">F219</subfield>
   <subfield code="4">PC=751/21</subfield>
   <subfield code="5">3142300691</subfield>
   <subfield code="7">Roč. LII. (1913)</subfield>
   <subfield code="8">20170420</subfield>
   <subfield code="a">1913</subfield>
   <subfield code="b">52</subfield>
   <subfield code="f">95</subfield>
   <subfield code="h">Roč. LII. (1913)</subfield>
   <subfield code="l">UEP01</subfield>
   <subfield code="m">ISSBD</subfield>
   <subfield code="q">Knihovna Žižkov - sklad 2</subfield>
   <subfield code="t">prezenční - lze objednat</subfield>
   <subfield code="u">UEP01</subfield>
   <subfield code="w">20170801</subfield>
  </datafield>
  <datafield tag="996" ind1=" " ind2=" ">
   <subfield code="1">PSKL2</subfield>
   <subfield code="3">F219</subfield>
   <subfield code="4">PC=751/21</subfield>
   <subfield code="5">3142300692</subfield>
   <subfield code="7">Roč. LIII. (1914)</subfield>
   <subfield code="8">20170420</subfield>
   <subfield code="a">1914</subfield>
   <subfield code="b">53</subfield>
   <subfield code="f">95</subfield>
   <subfield code="h">Roč. LIII. (1914)</subfield>
   <subfield code="l">UEP01</subfield>
   <subfield code="m">ISSBD</subfield>
   <subfield code="q">Knihovna Žižkov - sklad 2</subfield>
   <subfield code="t">prezenční - lze objednat</subfield>
   <subfield code="u">UEP01</subfield>
   <subfield code="w">20170801</subfield>
  </datafield>
  <datafield tag="996" ind1=" " ind2=" ">
   <subfield code="1">PSKL2</subfield>
   <subfield code="3">F219</subfield>
   <subfield code="4">PC=751/21</subfield>
   <subfield code="5">3142300693</subfield>
   <subfield code="7">Roč. LIV. (1915)</subfield>
   <subfield code="8">20170420</subfield>
   <subfield code="a">1915</subfield>
   <subfield code="b">54</subfield>
   <subfield code="f">95</subfield>
   <subfield code="h">Roč. LIV. (1915)</subfield>
   <subfield code="l">UEP01</subfield>
   <subfield code="m">ISSBD</subfield>
   <subfield code="q">Knihovna Žižkov - sklad 2</subfield>
   <subfield code="t">prezenční - lze objednat</subfield>
   <subfield code="u">UEP01</subfield>
   <subfield code="w">20170801</subfield>
  </datafield>
  <datafield tag="996" ind1=" " ind2=" ">
   <subfield code="1">PSKL2</subfield>
   <subfield code="3">F219</subfield>
   <subfield code="4">PC=751/21</subfield>
   <subfield code="5">3142300694</subfield>
   <subfield code="7">Roč. LV. (1916)</subfield>
   <subfield code="8">20170420</subfield>
   <subfield code="a">1916</subfield>
   <subfield code="b">55</subfield>
   <subfield code="f">95</subfield>
   <subfield code="h">Roč. LV. (1916)</subfield>
   <subfield code="l">UEP01</subfield>
   <subfield code="m">ISSBD</subfield>
   <subfield code="q">Knihovna Žižkov - sklad 2</subfield>
   <subfield code="t">prezenční - lze objednat</subfield>
   <subfield code="u">UEP01</subfield>
   <subfield code="w">20170801</subfield>
  </datafield>
  <datafield tag="996" ind1=" " ind2=" ">
   <subfield code="1">PSKL2</subfield>
   <subfield code="3">F219</subfield>
   <subfield code="4">PC=751/21</subfield>
   <subfield code="5">3142300695</subfield>
   <subfield code="7">Roč. LVI. (1917)</subfield>
   <subfield code="8">20170420</subfield>
   <subfield code="a">1917</subfield>
   <subfield code="b">56</subfield>
   <subfield code="f">95</subfield>
   <subfield code="h">Roč. LVI. (1917)</subfield>
   <subfield code="l">UEP01</subfield>
   <subfield code="m">ISSBD</subfield>
   <subfield code="q">Knihovna Žižkov - sklad 2</subfield>
   <subfield code="t">prezenční - lze objednat</subfield>
   <subfield code="u">UEP01</subfield>
   <subfield code="w">20170801</subfield>
  </datafield>
  <datafield tag="996" ind1=" " ind2=" ">
   <subfield code="1">PSKL2</subfield>
   <subfield code="3">F219</subfield>
   <subfield code="4">PC=751/21</subfield>
   <subfield code="5">3142300696</subfield>
   <subfield code="7">Roč. LVII. (1918)</subfield>
   <subfield code="8">20170420</subfield>
   <subfield code="a">1918</subfield>
   <subfield code="b">57</subfield>
   <subfield code="f">95</subfield>
   <subfield code="h">Roč. LVII. (1918)</subfield>
   <subfield code="l">UEP01</subfield>
   <subfield code="m">ISSBD</subfield>
   <subfield code="q">Knihovna Žižkov - sklad 2</subfield>
   <subfield code="t">prezenční - lze objednat</subfield>
   <subfield code="u">UEP01</subfield>
   <subfield code="w">20170801</subfield>
  </datafield>
  <datafield tag="996" ind1=" " ind2=" ">
   <subfield code="1">PSKL2</subfield>
   <subfield code="3">F219</subfield>
   <subfield code="4">PC=751/21</subfield>
   <subfield code="5">3142300901</subfield>
   <subfield code="7">Roč. XVIII. ; 1879</subfield>
   <subfield code="8">20170721</subfield>
   <subfield code="a">1879</subfield>
   <subfield code="b">18</subfield>
   <subfield code="f">95</subfield>
   <subfield code="h">Roč. XVIII. ; 1879</subfield>
   <subfield code="l">UEP01</subfield>
   <subfield code="m">ISSBD</subfield>
   <subfield code="q">Knihovna Žižkov - sklad 2</subfield>
   <subfield code="t">prezenční - lze objednat</subfield>
   <subfield code="u">UEP01</subfield>
   <subfield code="w">20170802</subfield>
  </datafield>
  <datafield tag="996" ind1=" " ind2=" ">
   <subfield code="1">PSKL2</subfield>
   <subfield code="3">F219</subfield>
   <subfield code="4">PC=751/21</subfield>
   <subfield code="5">3142300903</subfield>
   <subfield code="7">Roč. XX. ; 1881</subfield>
   <subfield code="8">20170721</subfield>
   <subfield code="a">1881</subfield>
   <subfield code="b">20</subfield>
   <subfield code="f">95</subfield>
   <subfield code="h">Roč. XX. ; 1881</subfield>
   <subfield code="l">UEP01</subfield>
   <subfield code="m">ISSBD</subfield>
   <subfield code="q">Knihovna Žižkov - sklad 2</subfield>
   <subfield code="t">prezenční - lze objednat</subfield>
   <subfield code="u">UEP01</subfield>
   <subfield code="w">20170802</subfield>
  </datafield>
  <datafield tag="996" ind1=" " ind2=" ">
   <subfield code="1">PSKL2</subfield>
   <subfield code="3">F219</subfield>
   <subfield code="4">PC=751/21</subfield>
   <subfield code="5">3142300905</subfield>
   <subfield code="7">Roč. XXII. ; 1883</subfield>
   <subfield code="8">20170721</subfield>
   <subfield code="a">1883</subfield>
   <subfield code="b">22</subfield>
   <subfield code="f">95</subfield>
   <subfield code="h">Roč. XXII. ; 1883</subfield>
   <subfield code="l">UEP01</subfield>
   <subfield code="m">ISSBD</subfield>
   <subfield code="q">Knihovna Žižkov - sklad 2</subfield>
   <subfield code="t">prezenční - lze objednat</subfield>
   <subfield code="u">UEP01</subfield>
   <subfield code="w">20170802</subfield>
  </datafield>
  <datafield tag="996" ind1=" " ind2=" ">
   <subfield code="1">PSKL2</subfield>
   <subfield code="3">F219</subfield>
   <subfield code="4">PC=751/21</subfield>
   <subfield code="5">3142300906</subfield>
   <subfield code="7">Roč. XXIII. ; 1884</subfield>
   <subfield code="8">20170721</subfield>
   <subfield code="a">1884</subfield>
   <subfield code="b">23</subfield>
   <subfield code="f">95</subfield>
   <subfield code="h">Roč. XXIII. ; 1884</subfield>
   <subfield code="l">UEP01</subfield>
   <subfield code="m">ISSBD</subfield>
   <subfield code="q">Knihovna Žižkov - sklad 2</subfield>
   <subfield code="t">prezenční - lze objednat</subfield>
   <subfield code="u">UEP01</subfield>
   <subfield code="w">20170802</subfield>
  </datafield>
  <datafield tag="996" ind1=" " ind2=" ">
   <subfield code="1">PSKL2</subfield>
   <subfield code="3">F219</subfield>
   <subfield code="4">PC=751/21</subfield>
   <subfield code="5">3142300908</subfield>
   <subfield code="7">Roč. XXV. ; 1886</subfield>
   <subfield code="8">20170721</subfield>
   <subfield code="a">1886</subfield>
   <subfield code="b">25</subfield>
   <subfield code="f">95</subfield>
   <subfield code="h">Roč. XXV. ; 1886</subfield>
   <subfield code="l">UEP01</subfield>
   <subfield code="m">ISSBD</subfield>
   <subfield code="q">Knihovna Žižkov - sklad 2</subfield>
   <subfield code="t">prezenční - lze objednat</subfield>
   <subfield code="u">UEP01</subfield>
   <subfield code="w">20170802</subfield>
  </datafield>
  <datafield tag="996" ind1=" " ind2=" ">
   <subfield code="1">PSKL2</subfield>
   <subfield code="3">F219</subfield>
   <subfield code="4">PC=751/21</subfield>
   <subfield code="5">3142300910</subfield>
   <subfield code="7">Roč. XXXII. ; 1893</subfield>
   <subfield code="8">20170721</subfield>
   <subfield code="a">1893</subfield>
   <subfield code="b">32</subfield>
   <subfield code="f">95</subfield>
   <subfield code="h">Roč. XXXII. ; 1893</subfield>
   <subfield code="l">UEP01</subfield>
   <subfield code="m">ISSBD</subfield>
   <subfield code="q">Knihovna Žižkov - sklad 2</subfield>
   <subfield code="t">prezenční - lze objednat</subfield>
   <subfield code="u">UEP01</subfield>
   <subfield code="w">20170802</subfield>
  </datafield>
  <datafield tag="996" ind1=" " ind2=" ">
   <subfield code="1">PSKL2</subfield>
   <subfield code="3">F219</subfield>
   <subfield code="4">PC=751/21</subfield>
   <subfield code="5">3142301014</subfield>
   <subfield code="7">Roč. XXIX. ; 1890</subfield>
   <subfield code="8">20170718</subfield>
   <subfield code="a">1890</subfield>
   <subfield code="b">29</subfield>
   <subfield code="f">95</subfield>
   <subfield code="h">Roč. XXIX. ; 1890</subfield>
   <subfield code="l">UEP01</subfield>
   <subfield code="m">ISSBD</subfield>
   <subfield code="q">Knihovna Žižkov - sklad 2</subfield>
   <subfield code="t">prezenční - lze objednat</subfield>
   <subfield code="u">UEP01</subfield>
   <subfield code="w">20170802</subfield>
  </datafield>
  <datafield tag="996" ind1=" " ind2=" ">
   <subfield code="1">PSKL2</subfield>
   <subfield code="3">F219</subfield>
   <subfield code="4">PC=751/21</subfield>
   <subfield code="5">3142301015</subfield>
   <subfield code="7">Roč. XXX. ; 1891</subfield>
   <subfield code="8">20170718</subfield>
   <subfield code="a">1891</subfield>
   <subfield code="b">30</subfield>
   <subfield code="f">95</subfield>
   <subfield code="h">Roč. XXX. ; 1891</subfield>
   <subfield code="l">UEP01</subfield>
   <subfield code="m">ISSBD</subfield>
   <subfield code="q">Knihovna Žižkov - sklad 2</subfield>
   <subfield code="t">prezenční - lze objednat</subfield>
   <subfield code="u">UEP01</subfield>
   <subfield code="w">20170802</subfield>
  </datafield>
  <datafield tag="996" ind1=" " ind2=" ">
   <subfield code="1">PSKL2</subfield>
   <subfield code="3">F219</subfield>
   <subfield code="4">PC=751/21</subfield>
   <subfield code="5">3142301025</subfield>
   <subfield code="7">Roč. XL. ; 1901</subfield>
   <subfield code="8">20170718</subfield>
   <subfield code="a">1901</subfield>
   <subfield code="b">40</subfield>
   <subfield code="f">95</subfield>
   <subfield code="h">Roč. XL. ; 1901</subfield>
   <subfield code="l">UEP01</subfield>
   <subfield code="m">ISSBD</subfield>
   <subfield code="q">Knihovna Žižkov - sklad 2</subfield>
   <subfield code="t">prezenční - lze objednat</subfield>
   <subfield code="u">UEP01</subfield>
   <subfield code="w">20170802</subfield>
  </datafield>
  <datafield tag="996" ind1=" " ind2=" ">
   <subfield code="1">PSKL2</subfield>
   <subfield code="3">F219</subfield>
   <subfield code="4">PC=751/21</subfield>
   <subfield code="5">3142301026</subfield>
   <subfield code="7">Roč. XLI. ; 1902</subfield>
   <subfield code="8">20170718</subfield>
   <subfield code="a">1902</subfield>
   <subfield code="b">41</subfield>
   <subfield code="f">95</subfield>
   <subfield code="h">Roč. XLI. ; 1902</subfield>
   <subfield code="l">UEP01</subfield>
   <subfield code="m">ISSBD</subfield>
   <subfield code="q">Knihovna Žižkov - sklad 2</subfield>
   <subfield code="t">prezenční - lze objednat</subfield>
   <subfield code="u">UEP01</subfield>
   <subfield code="w">20170802</subfield>
  </datafield>
  <datafield tag="996" ind1=" " ind2=" ">
   <subfield code="1">PSKL2</subfield>
   <subfield code="3">F219</subfield>
   <subfield code="4">PC=751/21</subfield>
   <subfield code="5">3142301029</subfield>
   <subfield code="7">Roč. XLIV. ; 1905</subfield>
   <subfield code="8">20170718</subfield>
   <subfield code="a">1905</subfield>
   <subfield code="b">44</subfield>
   <subfield code="f">95</subfield>
   <subfield code="h">Roč. XLIV. ; 1905</subfield>
   <subfield code="l">UEP01</subfield>
   <subfield code="m">ISSBD</subfield>
   <subfield code="q">Knihovna Žižkov - sklad 2</subfield>
   <subfield code="t">prezenční - lze objednat</subfield>
   <subfield code="u">UEP01</subfield>
   <subfield code="w">20170802</subfield>
  </datafield>
  <datafield tag="996" ind1=" " ind2=" ">
   <subfield code="1">PSKL2</subfield>
   <subfield code="3">F219</subfield>
   <subfield code="4">PC=751/21</subfield>
   <subfield code="5">3142301030</subfield>
   <subfield code="7">Roč. XLV. ; 1906</subfield>
   <subfield code="8">20170718</subfield>
   <subfield code="a">1906</subfield>
   <subfield code="b">45</subfield>
   <subfield code="f">95</subfield>
   <subfield code="h">Roč. XLV. ; 1906</subfield>
   <subfield code="l">UEP01</subfield>
   <subfield code="m">ISSBD</subfield>
   <subfield code="q">Knihovna Žižkov - sklad 2</subfield>
   <subfield code="t">prezenční - lze objednat</subfield>
   <subfield code="u">UEP01</subfield>
   <subfield code="w">20170802</subfield>
  </datafield>
  <datafield tag="996" ind1=" " ind2=" ">
   <subfield code="1">PSKL2</subfield>
   <subfield code="3">F219</subfield>
   <subfield code="4">PC=751/21</subfield>
   <subfield code="5">3142301031</subfield>
   <subfield code="7">Roč. XLVI. ; 1907</subfield>
   <subfield code="8">20170718</subfield>
   <subfield code="a">1907</subfield>
   <subfield code="b">46</subfield>
   <subfield code="f">95</subfield>
   <subfield code="h">Roč. XLVI. ; 1907</subfield>
   <subfield code="l">UEP01</subfield>
   <subfield code="m">ISSBD</subfield>
   <subfield code="q">Knihovna Žižkov - sklad 2</subfield>
   <subfield code="t">prezenční - lze objednat</subfield>
   <subfield code="u">UEP01</subfield>
   <subfield code="w">20170802</subfield>
  </datafield>
  <datafield tag="996" ind1=" " ind2=" ">
   <subfield code="1">PSKL2</subfield>
   <subfield code="3">F219</subfield>
   <subfield code="4">PC=751/21</subfield>
   <subfield code="5">3142301032</subfield>
   <subfield code="7">Roč. XLVII. ; 1908</subfield>
   <subfield code="8">20170718</subfield>
   <subfield code="a">1908</subfield>
   <subfield code="b">47</subfield>
   <subfield code="f">95</subfield>
   <subfield code="h">Roč. XLVII. ; 1908</subfield>
   <subfield code="l">UEP01</subfield>
   <subfield code="m">ISSBD</subfield>
   <subfield code="q">Knihovna Žižkov - sklad 2</subfield>
   <subfield code="t">prezenční - lze objednat</subfield>
   <subfield code="u">UEP01</subfield>
   <subfield code="w">20170803</subfield>
  </datafield>
  <datafield tag="996" ind1=" " ind2=" ">
   <subfield code="1">PSKL2</subfield>
   <subfield code="3">F219</subfield>
   <subfield code="4">PC=751/21</subfield>
   <subfield code="5">3142301159</subfield>
   <subfield code="7">Roč. XIII. ; 1874</subfield>
   <subfield code="8">20170718</subfield>
   <subfield code="a">1874</subfield>
   <subfield code="b">13</subfield>
   <subfield code="f">95</subfield>
   <subfield code="h">Roč. XIII. ; 1874</subfield>
   <subfield code="l">UEP01</subfield>
   <subfield code="m">ISSBD</subfield>
   <subfield code="q">Knihovna Žižkov - sklad 2</subfield>
   <subfield code="t">prezenční - lze objednat</subfield>
   <subfield code="u">UEP01</subfield>
   <subfield code="w">20170802</subfield>
  </datafield>
  <datafield tag="996" ind1=" " ind2=" ">
   <subfield code="1">PSKL2</subfield>
   <subfield code="3">F219</subfield>
   <subfield code="4">PC=751/21</subfield>
   <subfield code="5">3142301162</subfield>
   <subfield code="7">Roč. VIII. ; 1869</subfield>
   <subfield code="8">20170718</subfield>
   <subfield code="a">1869</subfield>
   <subfield code="b">8</subfield>
   <subfield code="f">95</subfield>
   <subfield code="h">Roč. VIII. ; 1869</subfield>
   <subfield code="l">UEP01</subfield>
   <subfield code="m">ISSBD</subfield>
   <subfield code="q">Knihovna Žižkov - sklad 2</subfield>
   <subfield code="t">prezenční - lze objednat</subfield>
   <subfield code="u">UEP01</subfield>
   <subfield code="w">20170802</subfield>
  </datafield>
  <datafield tag="996" ind1=" " ind2=" ">
   <subfield code="1">PSKL2</subfield>
   <subfield code="3">F219</subfield>
   <subfield code="4">PC=7586/74</subfield>
   <subfield code="5">3142300724</subfield>
   <subfield code="7">Roč. CXII., č. 7-12 (1973)</subfield>
   <subfield code="8">20170428</subfield>
   <subfield code="a">1973</subfield>
   <subfield code="b">112</subfield>
   <subfield code="c">7-12</subfield>
   <subfield code="f">95</subfield>
   <subfield code="h">Roč. CXII., č. 7-12 (1973)</subfield>
   <subfield code="l">UEP01</subfield>
   <subfield code="m">ISSBD</subfield>
   <subfield code="q">Knihovna Žižkov - sklad 2</subfield>
   <subfield code="t">prezenční - lze objednat</subfield>
   <subfield code="u">UEP01</subfield>
   <subfield code="w">20170801</subfield>
  </datafield>
  <datafield tag="996" ind1=" " ind2=" ">
   <subfield code="1">PSKL2</subfield>
   <subfield code="3">F219</subfield>
   <subfield code="4">PC=7751/69</subfield>
   <subfield code="5">3142300712</subfield>
   <subfield code="7">Roč. CIV. (1965)</subfield>
   <subfield code="8">20170428</subfield>
   <subfield code="a">1965</subfield>
   <subfield code="b">104</subfield>
   <subfield code="f">95</subfield>
   <subfield code="h">Roč. CIV. (1965)</subfield>
   <subfield code="l">UEP01</subfield>
   <subfield code="m">ISSBD</subfield>
   <subfield code="q">Knihovna Žižkov - sklad 2</subfield>
   <subfield code="t">prezenční - lze objednat</subfield>
   <subfield code="u">UEP01</subfield>
   <subfield code="w">20170801</subfield>
  </datafield>
  <datafield tag="996" ind1=" " ind2=" ">
   <subfield code="1">PSKL2</subfield>
   <subfield code="3">F219</subfield>
   <subfield code="4">PC=813/80</subfield>
   <subfield code="5">3142300730</subfield>
   <subfield code="7">Roč. 116., č. 7-12 (1977)</subfield>
   <subfield code="8">20170428</subfield>
   <subfield code="a">1977</subfield>
   <subfield code="b">116</subfield>
   <subfield code="c">7-12</subfield>
   <subfield code="f">95</subfield>
   <subfield code="h">Roč. 116., č. 7-12 (1977)</subfield>
   <subfield code="l">UEP01</subfield>
   <subfield code="m">ISSBD</subfield>
   <subfield code="q">Knihovna Žižkov - sklad 2</subfield>
   <subfield code="t">prezenční - lze objednat</subfield>
   <subfield code="u">UEP01</subfield>
   <subfield code="w">20170801</subfield>
  </datafield>
  <datafield tag="996" ind1=" " ind2=" ">
   <subfield code="1">PSKL2</subfield>
   <subfield code="3">F219</subfield>
   <subfield code="4">PC=840/80</subfield>
   <subfield code="5">3142300727</subfield>
   <subfield code="7">Roč. CXV., č. 1-6 (1976)</subfield>
   <subfield code="8">20170428</subfield>
   <subfield code="a">1976</subfield>
   <subfield code="b">115</subfield>
   <subfield code="c">1-6</subfield>
   <subfield code="f">95</subfield>
   <subfield code="h">Roč. CXV., č. 1-6 (1976)</subfield>
   <subfield code="l">UEP01</subfield>
   <subfield code="m">ISSBD</subfield>
   <subfield code="q">Knihovna Žižkov - sklad 2</subfield>
   <subfield code="t">prezenční - lze objednat</subfield>
   <subfield code="u">UEP01</subfield>
   <subfield code="w">20170801</subfield>
  </datafield>
  <datafield tag="996" ind1=" " ind2=" ">
   <subfield code="1">PSKL2</subfield>
   <subfield code="3">F219</subfield>
   <subfield code="4">PC=8424/63</subfield>
   <subfield code="5">3142300973</subfield>
   <subfield code="7">Roč. CI ; 1962</subfield>
   <subfield code="8">20170721</subfield>
   <subfield code="a">1962</subfield>
   <subfield code="b">101</subfield>
   <subfield code="f">95</subfield>
   <subfield code="h">Roč. CI ; 1962</subfield>
   <subfield code="l">UEP01</subfield>
   <subfield code="m">ISSBD</subfield>
   <subfield code="q">Knihovna Žižkov - sklad 2</subfield>
   <subfield code="t">prezenční - lze objednat</subfield>
   <subfield code="u">UEP01</subfield>
   <subfield code="w">20170802</subfield>
  </datafield>
  <datafield tag="996" ind1=" " ind2=" ">
   <subfield code="1">PSKL2</subfield>
   <subfield code="3">F219</subfield>
   <subfield code="4">PC=8647/72</subfield>
   <subfield code="5">3142300717</subfield>
   <subfield code="7">Roč. CIX., č. 1-6 (1970)</subfield>
   <subfield code="8">20170428</subfield>
   <subfield code="a">1970</subfield>
   <subfield code="b">109</subfield>
   <subfield code="c">1-6</subfield>
   <subfield code="f">95</subfield>
   <subfield code="h">Roč. CIX., č. 1-6 (1970)</subfield>
   <subfield code="l">UEP01</subfield>
   <subfield code="m">ISSBD</subfield>
   <subfield code="q">Knihovna Žižkov - sklad 2</subfield>
   <subfield code="t">prezenční - lze objednat</subfield>
   <subfield code="u">UEP01</subfield>
   <subfield code="w">20170801</subfield>
  </datafield>
  <datafield tag="996" ind1=" " ind2=" ">
   <subfield code="1">PSKL2</subfield>
   <subfield code="3">F219</subfield>
   <subfield code="4">PC=8648/72</subfield>
   <subfield code="5">3142300718</subfield>
   <subfield code="7">Roč. CIX., č. 7-12 (1970)</subfield>
   <subfield code="8">20170428</subfield>
   <subfield code="a">1970</subfield>
   <subfield code="b">109</subfield>
   <subfield code="c">7-12</subfield>
   <subfield code="f">95</subfield>
   <subfield code="h">Roč. CIX., č. 7-12 (1970)</subfield>
   <subfield code="l">UEP01</subfield>
   <subfield code="m">ISSBD</subfield>
   <subfield code="q">Knihovna Žižkov - sklad 2</subfield>
   <subfield code="t">prezenční - lze objednat</subfield>
   <subfield code="u">UEP01</subfield>
   <subfield code="w">20170801</subfield>
  </datafield>
  <datafield tag="996" ind1=" " ind2=" ">
   <subfield code="1">PSKL2</subfield>
   <subfield code="3">F219</subfield>
   <subfield code="4">PC=8649/72</subfield>
   <subfield code="5">3142300719</subfield>
   <subfield code="7">Roč. CX., č. 1-6 (1971)</subfield>
   <subfield code="8">20170428</subfield>
   <subfield code="a">1971</subfield>
   <subfield code="b">110</subfield>
   <subfield code="c">1-6</subfield>
   <subfield code="f">95</subfield>
   <subfield code="h">Roč. CX., č. 1-6 (1971)</subfield>
   <subfield code="l">UEP01</subfield>
   <subfield code="m">ISSBD</subfield>
   <subfield code="q">Knihovna Žižkov - sklad 2</subfield>
   <subfield code="t">prezenční - lze objednat</subfield>
   <subfield code="u">UEP01</subfield>
   <subfield code="w">20170801</subfield>
  </datafield>
  <datafield tag="996" ind1=" " ind2=" ">
   <subfield code="1">PSKL2</subfield>
   <subfield code="3">F219</subfield>
   <subfield code="4">PC=8650/72</subfield>
   <subfield code="5">3142300720</subfield>
   <subfield code="7">Roč. CX., č. 7-12 (1971)</subfield>
   <subfield code="8">20170428</subfield>
   <subfield code="a">1971</subfield>
   <subfield code="b">110</subfield>
   <subfield code="c">7-12</subfield>
   <subfield code="f">95</subfield>
   <subfield code="h">Roč. CX., č. 7-12 (1971)</subfield>
   <subfield code="l">UEP01</subfield>
   <subfield code="m">ISSBD</subfield>
   <subfield code="q">Knihovna Žižkov - sklad 2</subfield>
   <subfield code="t">prezenční - lze objednat</subfield>
   <subfield code="u">UEP01</subfield>
   <subfield code="w">20170801</subfield>
  </datafield>
  <datafield tag="996" ind1=" " ind2=" ">
   <subfield code="1">PSKL2</subfield>
   <subfield code="3">F219</subfield>
   <subfield code="4">PC=8730/68</subfield>
   <subfield code="5">3142300713</subfield>
   <subfield code="7">Roč. CV. (1966)</subfield>
   <subfield code="8">20170428</subfield>
   <subfield code="a">1966</subfield>
   <subfield code="b">105</subfield>
   <subfield code="f">95</subfield>
   <subfield code="h">Roč. CV. (1966)</subfield>
   <subfield code="l">UEP01</subfield>
   <subfield code="m">ISSBD</subfield>
   <subfield code="q">Knihovna Žižkov - sklad 2</subfield>
   <subfield code="t">prezenční - lze objednat</subfield>
   <subfield code="u">UEP01</subfield>
   <subfield code="w">20170801</subfield>
  </datafield>
  <datafield tag="996" ind1=" " ind2=" ">
   <subfield code="1">PSKL2</subfield>
   <subfield code="3">F219</subfield>
   <subfield code="4">PC=88/85</subfield>
   <subfield code="5">3142300993</subfield>
   <subfield code="7">Roč. CXXII., č. 7-12 (1983)</subfield>
   <subfield code="8">20170721</subfield>
   <subfield code="a">1983</subfield>
   <subfield code="b">122</subfield>
   <subfield code="c">7-12</subfield>
   <subfield code="f">95</subfield>
   <subfield code="h">Roč. CXXII., č. 7-12 (1983)</subfield>
   <subfield code="l">UEP01</subfield>
   <subfield code="m">ISSBD</subfield>
   <subfield code="q">Knihovna Žižkov - sklad 2</subfield>
   <subfield code="t">prezenční - lze objednat</subfield>
   <subfield code="u">UEP01</subfield>
   <subfield code="w">20170802</subfield>
  </datafield>
  <datafield tag="996" ind1=" " ind2=" ">
   <subfield code="1">PSKL2</subfield>
   <subfield code="3">F219</subfield>
   <subfield code="4">PC=883/21</subfield>
   <subfield code="5">3142300700</subfield>
   <subfield code="7">Roč. LXI. (1922)</subfield>
   <subfield code="8">20170420</subfield>
   <subfield code="a">1922</subfield>
   <subfield code="b">61</subfield>
   <subfield code="f">95</subfield>
   <subfield code="h">Roč. LXI. (1922)</subfield>
   <subfield code="l">UEP01</subfield>
   <subfield code="m">ISSBD</subfield>
   <subfield code="q">Knihovna Žižkov - sklad 2</subfield>
   <subfield code="t">prezenční - lze objednat</subfield>
   <subfield code="u">UEP01</subfield>
   <subfield code="w">20170801</subfield>
  </datafield>
  <datafield tag="996" ind1=" " ind2=" ">
   <subfield code="1">PSKL2</subfield>
   <subfield code="3">F219</subfield>
   <subfield code="4">PC=89/66</subfield>
   <subfield code="5">3142300711</subfield>
   <subfield code="7">Roč. CIII. (1964)</subfield>
   <subfield code="8">20170428</subfield>
   <subfield code="a">1964</subfield>
   <subfield code="b">103</subfield>
   <subfield code="f">95</subfield>
   <subfield code="h">Roč. CIII. (1964)</subfield>
   <subfield code="l">UEP01</subfield>
   <subfield code="m">ISSBD</subfield>
   <subfield code="q">Knihovna Žižkov - sklad 2</subfield>
   <subfield code="t">prezenční - lze objednat</subfield>
   <subfield code="u">UEP01</subfield>
   <subfield code="w">20170801</subfield>
  </datafield>
  <datafield tag="996" ind1=" " ind2=" ">
   <subfield code="1">PSKL2</subfield>
   <subfield code="3">F219</subfield>
   <subfield code="4">PC=89/82</subfield>
   <subfield code="5">3142300990</subfield>
   <subfield code="7">Roč. CXIX., č. 7-12 (1980)</subfield>
   <subfield code="8">20170721</subfield>
   <subfield code="a">1980</subfield>
   <subfield code="b">119</subfield>
   <subfield code="c">7-12</subfield>
   <subfield code="f">95</subfield>
   <subfield code="h">Roč. CXIX., č. 7-12 (1980)</subfield>
   <subfield code="l">UEP01</subfield>
   <subfield code="m">ISSBD</subfield>
   <subfield code="q">Knihovna Žižkov - sklad 2</subfield>
   <subfield code="t">prezenční - lze objednat</subfield>
   <subfield code="u">UEP01</subfield>
   <subfield code="w">20170802</subfield>
  </datafield>
  <datafield tag="996" ind1=" " ind2=" ">
   <subfield code="1">PSKL2</subfield>
   <subfield code="3">F219</subfield>
   <subfield code="4">PC=8995/70</subfield>
   <subfield code="5">3142300714</subfield>
   <subfield code="7">Roč. CVI. (1967)</subfield>
   <subfield code="8">20170428</subfield>
   <subfield code="a">1967</subfield>
   <subfield code="b">106</subfield>
   <subfield code="f">95</subfield>
   <subfield code="h">Roč. CVI. (1967)</subfield>
   <subfield code="l">UEP01</subfield>
   <subfield code="m">ISSBD</subfield>
   <subfield code="q">Knihovna Žižkov - sklad 2</subfield>
   <subfield code="t">prezenční - lze objednat</subfield>
   <subfield code="u">UEP01</subfield>
   <subfield code="w">20170801</subfield>
  </datafield>
  <datafield tag="996" ind1=" " ind2=" ">
   <subfield code="1">PSKL2</subfield>
   <subfield code="3">F219</subfield>
   <subfield code="4">PC=9013/60</subfield>
   <subfield code="5">3142301219</subfield>
   <subfield code="7">Roč. XCVII. ; 1958</subfield>
   <subfield code="8">20170721</subfield>
   <subfield code="a">1958</subfield>
   <subfield code="b">97</subfield>
   <subfield code="f">95</subfield>
   <subfield code="h">Roč. XCVII. ; 1958</subfield>
   <subfield code="l">UEP01</subfield>
   <subfield code="m">ISSBD</subfield>
   <subfield code="q">Knihovna Žižkov - sklad 2</subfield>
   <subfield code="t">prezenční - lze objednat</subfield>
   <subfield code="u">UEP01</subfield>
   <subfield code="w">20170802</subfield>
  </datafield>
  <datafield tag="996" ind1=" " ind2=" ">
   <subfield code="1">PSKL2</subfield>
   <subfield code="3">F219</subfield>
   <subfield code="4">PC=904/21</subfield>
   <subfield code="5">3142300900</subfield>
   <subfield code="7">Roč. XVII. ; 1878</subfield>
   <subfield code="8">20170721</subfield>
   <subfield code="a">1878</subfield>
   <subfield code="b">17</subfield>
   <subfield code="f">95</subfield>
   <subfield code="h">Roč. XVII. ; 1878</subfield>
   <subfield code="l">UEP01</subfield>
   <subfield code="m">ISSBD</subfield>
   <subfield code="q">Knihovna Žižkov - sklad 2</subfield>
   <subfield code="t">prezenční - lze objednat</subfield>
   <subfield code="u">UEP01</subfield>
   <subfield code="w">20170802</subfield>
  </datafield>
  <datafield tag="996" ind1=" " ind2=" ">
   <subfield code="1">PSKL2</subfield>
   <subfield code="3">F219</subfield>
   <subfield code="4">PC=904/21</subfield>
   <subfield code="5">3142301012</subfield>
   <subfield code="7">Roč. XXVII. ; 1888</subfield>
   <subfield code="8">20170718</subfield>
   <subfield code="a">1888</subfield>
   <subfield code="b">27</subfield>
   <subfield code="f">95</subfield>
   <subfield code="h">Roč. XXVII. ; 1888</subfield>
   <subfield code="l">UEP01</subfield>
   <subfield code="m">ISSBD</subfield>
   <subfield code="q">Knihovna Žižkov - sklad 2</subfield>
   <subfield code="t">prezenční - lze objednat</subfield>
   <subfield code="u">UEP01</subfield>
   <subfield code="w">20170802</subfield>
  </datafield>
  <datafield tag="996" ind1=" " ind2=" ">
   <subfield code="1">PSKL2</subfield>
   <subfield code="3">F219</subfield>
   <subfield code="4">PC=904/21</subfield>
   <subfield code="5">3142301013</subfield>
   <subfield code="7">Roč. XXVIII. ; 1889</subfield>
   <subfield code="8">20170718</subfield>
   <subfield code="a">1889</subfield>
   <subfield code="b">28</subfield>
   <subfield code="f">95</subfield>
   <subfield code="h">Roč. XXVIII. ; 1889</subfield>
   <subfield code="l">UEP01</subfield>
   <subfield code="m">ISSBD</subfield>
   <subfield code="q">Knihovna Žižkov - sklad 2</subfield>
   <subfield code="t">prezenční - lze objednat</subfield>
   <subfield code="u">UEP01</subfield>
   <subfield code="w">20170802</subfield>
  </datafield>
  <datafield tag="996" ind1=" " ind2=" ">
   <subfield code="1">PSKL2</subfield>
   <subfield code="3">F219</subfield>
   <subfield code="4">PC=904/21</subfield>
   <subfield code="5">3142301016</subfield>
   <subfield code="7">Roč. XXXI. ; 1892</subfield>
   <subfield code="8">20170718</subfield>
   <subfield code="a">1892</subfield>
   <subfield code="b">31</subfield>
   <subfield code="f">95</subfield>
   <subfield code="h">Roč. XXXI. ; 1892</subfield>
   <subfield code="l">UEP01</subfield>
   <subfield code="m">ISSBD</subfield>
   <subfield code="q">Knihovna Žižkov - sklad 2</subfield>
   <subfield code="t">prezenční - lze objednat</subfield>
   <subfield code="u">UEP01</subfield>
   <subfield code="w">20170802</subfield>
  </datafield>
  <datafield tag="996" ind1=" " ind2=" ">
   <subfield code="1">PSKL2</subfield>
   <subfield code="3">F219</subfield>
   <subfield code="4">PC=904/21</subfield>
   <subfield code="5">3142301017</subfield>
   <subfield code="7">Roč. XXXIII. ; 1894</subfield>
   <subfield code="8">20170718</subfield>
   <subfield code="a">1894</subfield>
   <subfield code="b">33</subfield>
   <subfield code="f">95</subfield>
   <subfield code="h">Roč. XXXIII. ; 1894</subfield>
   <subfield code="l">UEP01</subfield>
   <subfield code="m">ISSBD</subfield>
   <subfield code="q">Knihovna Žižkov - sklad 2</subfield>
   <subfield code="t">prezenční - lze objednat</subfield>
   <subfield code="u">UEP01</subfield>
   <subfield code="w">20170802</subfield>
  </datafield>
  <datafield tag="996" ind1=" " ind2=" ">
   <subfield code="1">PSKL2</subfield>
   <subfield code="3">F219</subfield>
   <subfield code="4">PC=904/21</subfield>
   <subfield code="5">3142301018</subfield>
   <subfield code="7">Roč. XXXIV. ; 1895</subfield>
   <subfield code="8">20170718</subfield>
   <subfield code="a">1895</subfield>
   <subfield code="b">34</subfield>
   <subfield code="f">95</subfield>
   <subfield code="h">Roč. XXXIV. ; 1895</subfield>
   <subfield code="l">UEP01</subfield>
   <subfield code="m">ISSBD</subfield>
   <subfield code="q">Knihovna Žižkov - sklad 2</subfield>
   <subfield code="t">prezenční - lze objednat</subfield>
   <subfield code="u">UEP01</subfield>
   <subfield code="w">20170802</subfield>
  </datafield>
  <datafield tag="996" ind1=" " ind2=" ">
   <subfield code="1">PSKL2</subfield>
   <subfield code="3">F219</subfield>
   <subfield code="4">PC=904/21</subfield>
   <subfield code="5">3142301019</subfield>
   <subfield code="7">Roč. XXXV. ; 1896</subfield>
   <subfield code="8">20170718</subfield>
   <subfield code="a">1896</subfield>
   <subfield code="b">35</subfield>
   <subfield code="f">95</subfield>
   <subfield code="h">Roč. XXXV. ; 1896</subfield>
   <subfield code="l">UEP01</subfield>
   <subfield code="m">ISSBD</subfield>
   <subfield code="q">Knihovna Žižkov - sklad 2</subfield>
   <subfield code="t">prezenční - lze objednat</subfield>
   <subfield code="u">UEP01</subfield>
   <subfield code="w">20170802</subfield>
  </datafield>
  <datafield tag="996" ind1=" " ind2=" ">
   <subfield code="1">PSKL2</subfield>
   <subfield code="3">F219</subfield>
   <subfield code="4">PC=904/21</subfield>
   <subfield code="5">3142301021</subfield>
   <subfield code="7">Roč. XXXVI. ; 1897</subfield>
   <subfield code="8">20170718</subfield>
   <subfield code="a">1897</subfield>
   <subfield code="b">36</subfield>
   <subfield code="f">95</subfield>
   <subfield code="h">Roč. XXXVI. ; 1897</subfield>
   <subfield code="l">UEP01</subfield>
   <subfield code="m">ISSBD</subfield>
   <subfield code="q">Knihovna Žižkov - sklad 2</subfield>
   <subfield code="t">prezenční - lze objednat</subfield>
   <subfield code="u">UEP01</subfield>
   <subfield code="w">20170802</subfield>
  </datafield>
  <datafield tag="996" ind1=" " ind2=" ">
   <subfield code="1">PSKL2</subfield>
   <subfield code="3">F219</subfield>
   <subfield code="4">PC=904/21</subfield>
   <subfield code="5">3142301022</subfield>
   <subfield code="7">Roč. XXXVII. ; 1898</subfield>
   <subfield code="8">20170718</subfield>
   <subfield code="a">1898</subfield>
   <subfield code="b">37</subfield>
   <subfield code="f">95</subfield>
   <subfield code="h">Roč. XXXVII. ; 1898</subfield>
   <subfield code="l">UEP01</subfield>
   <subfield code="m">ISSBD</subfield>
   <subfield code="q">Knihovna Žižkov - sklad 2</subfield>
   <subfield code="t">prezenční - lze objednat</subfield>
   <subfield code="u">UEP01</subfield>
   <subfield code="w">20170802</subfield>
  </datafield>
  <datafield tag="996" ind1=" " ind2=" ">
   <subfield code="1">PSKL2</subfield>
   <subfield code="3">F219</subfield>
   <subfield code="4">PC=904/21</subfield>
   <subfield code="5">3142301023</subfield>
   <subfield code="7">Roč. XXXVIII. ; 1899</subfield>
   <subfield code="8">20170718</subfield>
   <subfield code="a">1899</subfield>
   <subfield code="b">38</subfield>
   <subfield code="f">95</subfield>
   <subfield code="h">Roč. XXXVIII. ; 1899</subfield>
   <subfield code="l">UEP01</subfield>
   <subfield code="m">ISSBD</subfield>
   <subfield code="q">Knihovna Žižkov - sklad 2</subfield>
   <subfield code="t">prezenční - lze objednat</subfield>
   <subfield code="u">UEP01</subfield>
   <subfield code="w">20170802</subfield>
  </datafield>
  <datafield tag="996" ind1=" " ind2=" ">
   <subfield code="1">PSKL2</subfield>
   <subfield code="3">F219</subfield>
   <subfield code="4">PC=904/21</subfield>
   <subfield code="5">3142301024</subfield>
   <subfield code="7">Roč. XXXIX. ; 1900</subfield>
   <subfield code="8">20170718</subfield>
   <subfield code="a">1900</subfield>
   <subfield code="b">39</subfield>
   <subfield code="f">95</subfield>
   <subfield code="h">Roč. XXXIX. ; 1900</subfield>
   <subfield code="l">UEP01</subfield>
   <subfield code="m">ISSBD</subfield>
   <subfield code="q">Knihovna Žižkov - sklad 2</subfield>
   <subfield code="t">prezenční - lze objednat</subfield>
   <subfield code="u">UEP01</subfield>
   <subfield code="w">20170802</subfield>
  </datafield>
  <datafield tag="996" ind1=" " ind2=" ">
   <subfield code="1">PSKL2</subfield>
   <subfield code="3">F219</subfield>
   <subfield code="4">PC=904/21</subfield>
   <subfield code="5">3142301028</subfield>
   <subfield code="7">Roč. XLIII. ; 1904</subfield>
   <subfield code="8">20170718</subfield>
   <subfield code="a">1904</subfield>
   <subfield code="b">43</subfield>
   <subfield code="f">95</subfield>
   <subfield code="h">Roč. XLIII. ; 1904</subfield>
   <subfield code="l">UEP01</subfield>
   <subfield code="m">ISSBD</subfield>
   <subfield code="q">Knihovna Žižkov - sklad 2</subfield>
   <subfield code="t">prezenční - lze objednat</subfield>
   <subfield code="u">UEP01</subfield>
   <subfield code="w">20170802</subfield>
  </datafield>
  <datafield tag="996" ind1=" " ind2=" ">
   <subfield code="1">PSKL2</subfield>
   <subfield code="3">F219</subfield>
   <subfield code="4">PC=904/21</subfield>
   <subfield code="5">3142301156</subfield>
   <subfield code="7">Roč. XVI. ; 1877</subfield>
   <subfield code="8">20170718</subfield>
   <subfield code="a">1877</subfield>
   <subfield code="b">16</subfield>
   <subfield code="f">95</subfield>
   <subfield code="h">Roč. XVI. ; 1877</subfield>
   <subfield code="l">UEP01</subfield>
   <subfield code="m">ISSBD</subfield>
   <subfield code="q">Knihovna Žižkov - sklad 2</subfield>
   <subfield code="t">prezenční - lze objednat</subfield>
   <subfield code="u">UEP01</subfield>
   <subfield code="w">20170802</subfield>
  </datafield>
  <datafield tag="996" ind1=" " ind2=" ">
   <subfield code="1">PSKL2</subfield>
   <subfield code="3">F219</subfield>
   <subfield code="4">PC=904/21</subfield>
   <subfield code="5">3142301157</subfield>
   <subfield code="7">Roč. XV. ; 1876</subfield>
   <subfield code="8">20170718</subfield>
   <subfield code="a">1876</subfield>
   <subfield code="b">15</subfield>
   <subfield code="f">95</subfield>
   <subfield code="h">Roč. XV. ; 1876</subfield>
   <subfield code="l">UEP01</subfield>
   <subfield code="m">ISSBD</subfield>
   <subfield code="q">Knihovna Žižkov - sklad 2</subfield>
   <subfield code="t">prezenční - lze objednat</subfield>
   <subfield code="u">UEP01</subfield>
   <subfield code="w">20170802</subfield>
  </datafield>
  <datafield tag="996" ind1=" " ind2=" ">
   <subfield code="1">PSKL2</subfield>
   <subfield code="3">F219</subfield>
   <subfield code="4">PC=904/21</subfield>
   <subfield code="5">3142301158</subfield>
   <subfield code="7">Roč. XIV. ; 1875</subfield>
   <subfield code="8">20170718</subfield>
   <subfield code="a">1875</subfield>
   <subfield code="b">14</subfield>
   <subfield code="f">95</subfield>
   <subfield code="h">Roč. XIV. ; 1875</subfield>
   <subfield code="l">UEP01</subfield>
   <subfield code="m">ISSBD</subfield>
   <subfield code="q">Knihovna Žižkov - sklad 2</subfield>
   <subfield code="t">prezenční - lze objednat</subfield>
   <subfield code="u">UEP01</subfield>
   <subfield code="w">20170802</subfield>
  </datafield>
  <datafield tag="996" ind1=" " ind2=" ">
   <subfield code="1">PSKL2</subfield>
   <subfield code="3">F219</subfield>
   <subfield code="4">PC=904/21</subfield>
   <subfield code="5">3142301160</subfield>
   <subfield code="7">Roč. XII. ; 1873</subfield>
   <subfield code="8">20170718</subfield>
   <subfield code="a">1873</subfield>
   <subfield code="b">12</subfield>
   <subfield code="f">95</subfield>
   <subfield code="h">Roč. XII. ; 1873</subfield>
   <subfield code="l">UEP01</subfield>
   <subfield code="m">ISSBD</subfield>
   <subfield code="q">Knihovna Žižkov - sklad 2</subfield>
   <subfield code="t">prezenční - lze objednat</subfield>
   <subfield code="u">UEP01</subfield>
   <subfield code="w">20170802</subfield>
  </datafield>
  <datafield tag="996" ind1=" " ind2=" ">
   <subfield code="1">PSKL2</subfield>
   <subfield code="3">F219</subfield>
   <subfield code="4">PC=904/21</subfield>
   <subfield code="5">3142301161</subfield>
   <subfield code="7">Roč. X. ; 1871</subfield>
   <subfield code="8">20170718</subfield>
   <subfield code="a">1871</subfield>
   <subfield code="b">10</subfield>
   <subfield code="f">95</subfield>
   <subfield code="h">Roč. X. ; 1871</subfield>
   <subfield code="l">UEP01</subfield>
   <subfield code="m">ISSBD</subfield>
   <subfield code="q">Knihovna Žižkov - sklad 2</subfield>
   <subfield code="t">prezenční - lze objednat</subfield>
   <subfield code="u">UEP01</subfield>
   <subfield code="w">20170802</subfield>
  </datafield>
  <datafield tag="996" ind1=" " ind2=" ">
   <subfield code="1">PSKL2</subfield>
   <subfield code="3">F219</subfield>
   <subfield code="4">PC=904/21</subfield>
   <subfield code="5">3142301163</subfield>
   <subfield code="7">Roč. I. ; 1861</subfield>
   <subfield code="8">20170718</subfield>
   <subfield code="a">1861</subfield>
   <subfield code="b">1</subfield>
   <subfield code="f">95</subfield>
   <subfield code="h">Roč. I. ; 1861</subfield>
   <subfield code="l">UEP01</subfield>
   <subfield code="m">ISSBD</subfield>
   <subfield code="q">Knihovna Žižkov - sklad 2</subfield>
   <subfield code="t">prezenční - lze objednat</subfield>
   <subfield code="u">UEP01</subfield>
   <subfield code="w">20170802</subfield>
  </datafield>
  <datafield tag="996" ind1=" " ind2=" ">
   <subfield code="1">PSKL2</subfield>
   <subfield code="3">F219</subfield>
   <subfield code="4">PC=907/21</subfield>
   <subfield code="5">3142300902</subfield>
   <subfield code="7">Roč. XIX. ; 1880</subfield>
   <subfield code="8">20170721</subfield>
   <subfield code="a">1880</subfield>
   <subfield code="b">19</subfield>
   <subfield code="f">95</subfield>
   <subfield code="h">Roč. XIX. ; 1880</subfield>
   <subfield code="l">UEP01</subfield>
   <subfield code="m">ISSBD</subfield>
   <subfield code="q">Knihovna Žižkov - sklad 2</subfield>
   <subfield code="t">prezenční - lze objednat</subfield>
   <subfield code="u">UEP01</subfield>
   <subfield code="w">20170802</subfield>
  </datafield>
  <datafield tag="996" ind1=" " ind2=" ">
   <subfield code="1">PSKL2</subfield>
   <subfield code="3">F219</subfield>
   <subfield code="4">PC=907/21</subfield>
   <subfield code="5">3142300904</subfield>
   <subfield code="7">Roč. XXI. ; 1882</subfield>
   <subfield code="8">20170721</subfield>
   <subfield code="a">1882</subfield>
   <subfield code="b">21</subfield>
   <subfield code="f">95</subfield>
   <subfield code="h">Roč. XXI. ; 1882</subfield>
   <subfield code="l">UEP01</subfield>
   <subfield code="m">ISSBD</subfield>
   <subfield code="q">Knihovna Žižkov - sklad 2</subfield>
   <subfield code="t">prezenční - lze objednat</subfield>
   <subfield code="u">UEP01</subfield>
   <subfield code="w">20170802</subfield>
  </datafield>
  <datafield tag="996" ind1=" " ind2=" ">
   <subfield code="1">PSKL2</subfield>
   <subfield code="3">F219</subfield>
   <subfield code="4">PC=907/21</subfield>
   <subfield code="5">3142300909</subfield>
   <subfield code="7">Roč. XXVI. ; 1887</subfield>
   <subfield code="8">20170721</subfield>
   <subfield code="a">1887</subfield>
   <subfield code="b">26</subfield>
   <subfield code="f">95</subfield>
   <subfield code="h">Roč. XXVI. ; 1887</subfield>
   <subfield code="l">UEP01</subfield>
   <subfield code="m">ISSBD</subfield>
   <subfield code="q">Knihovna Žižkov - sklad 2</subfield>
   <subfield code="t">prezenční - lze objednat</subfield>
   <subfield code="u">UEP01</subfield>
   <subfield code="w">20170802</subfield>
  </datafield>
  <datafield tag="996" ind1=" " ind2=" ">
   <subfield code="1">PSKL2</subfield>
   <subfield code="3">F219</subfield>
   <subfield code="4">PC=9507/63</subfield>
   <subfield code="5">3142300980</subfield>
   <subfield code="7">Roč. 92., č. 3-10 (1953)</subfield>
   <subfield code="8">20170721</subfield>
   <subfield code="a">1953</subfield>
   <subfield code="b">92</subfield>
   <subfield code="f">95</subfield>
   <subfield code="h">Roč. 92., č. 3-10 (1953)</subfield>
   <subfield code="l">UEP01</subfield>
   <subfield code="m">ISSBD</subfield>
   <subfield code="q">Knihovna Žižkov - sklad 2</subfield>
   <subfield code="t">prezenční - lze objednat</subfield>
   <subfield code="u">UEP01</subfield>
   <subfield code="w">20170802</subfield>
  </datafield>
  <datafield tag="996" ind1=" " ind2=" ">
   <subfield code="1">PSKL2</subfield>
   <subfield code="3">F219</subfield>
   <subfield code="4">PC=9508/63</subfield>
   <subfield code="5">3142300981</subfield>
   <subfield code="7">Roč. 93., č. 1-6, 8-10 (1954)</subfield>
   <subfield code="8">20170721</subfield>
   <subfield code="a">1954</subfield>
   <subfield code="b">93</subfield>
   <subfield code="f">95</subfield>
   <subfield code="h">Roč. 93., č. 1-6, 8-10 (1954)</subfield>
   <subfield code="l">UEP01</subfield>
   <subfield code="m">ISSBD</subfield>
   <subfield code="q">Knihovna Žižkov - sklad 2</subfield>
   <subfield code="t">prezenční - lze objednat</subfield>
   <subfield code="u">UEP01</subfield>
   <subfield code="w">20170802</subfield>
  </datafield>
  <datafield tag="996" ind1=" " ind2=" ">
   <subfield code="1">PSKL2</subfield>
   <subfield code="3">F219</subfield>
   <subfield code="4">PC=975/49</subfield>
   <subfield code="5">3142301188</subfield>
   <subfield code="7">Roč. 88 + Právní prakse Roč. 13 (1949)</subfield>
   <subfield code="8">20170717</subfield>
   <subfield code="a">1949</subfield>
   <subfield code="b">88</subfield>
   <subfield code="f">95</subfield>
   <subfield code="h">Roč. 88 + Právní prakse Roč. 13 (1949)</subfield>
   <subfield code="l">UEP01</subfield>
   <subfield code="m">ISSBD</subfield>
   <subfield code="q">Knihovna Žižkov - sklad 2</subfield>
   <subfield code="t">prezenční - lze objednat</subfield>
   <subfield code="u">UEP01</subfield>
   <subfield code="w">20240222</subfield>
  </datafield>
  <datafield tag="996" ind1=" " ind2=" ">
   <subfield code="1">PSKL2</subfield>
   <subfield code="3">F219</subfield>
   <subfield code="4">PC=9867/74</subfield>
   <subfield code="5">3142300721</subfield>
   <subfield code="7">Roč. CXI., č. 1-6 (1972)</subfield>
   <subfield code="8">20170428</subfield>
   <subfield code="a">1972</subfield>
   <subfield code="b">111</subfield>
   <subfield code="c">1-6</subfield>
   <subfield code="f">95</subfield>
   <subfield code="h">Roč. CXI., č. 1-6 (1972)</subfield>
   <subfield code="l">UEP01</subfield>
   <subfield code="m">ISSBD</subfield>
   <subfield code="q">Knihovna Žižkov - sklad 2</subfield>
   <subfield code="t">prezenční - lze objednat</subfield>
   <subfield code="u">UEP01</subfield>
   <subfield code="w">20170801</subfield>
  </datafield>
  <datafield tag="996" ind1=" " ind2=" ">
   <subfield code="1">PSKL2</subfield>
   <subfield code="3">F219</subfield>
   <subfield code="4">PC=9868/74</subfield>
   <subfield code="5">3142300722</subfield>
   <subfield code="7">Roč. CXI., č. 7-12 (1972)</subfield>
   <subfield code="8">20170428</subfield>
   <subfield code="a">1972</subfield>
   <subfield code="b">111</subfield>
   <subfield code="c">7-12</subfield>
   <subfield code="f">95</subfield>
   <subfield code="h">Roč. CXI., č. 7-12 (1972)</subfield>
   <subfield code="l">UEP01</subfield>
   <subfield code="m">ISSBD</subfield>
   <subfield code="q">Knihovna Žižkov - sklad 2</subfield>
   <subfield code="t">prezenční - lze objednat</subfield>
   <subfield code="u">UEP01</subfield>
   <subfield code="w">20170801</subfield>
  </datafield>
  <datafield tag="996" ind1=" " ind2=" ">
   <subfield code="1">PSKL2</subfield>
   <subfield code="3">F219</subfield>
   <subfield code="4">PC=?</subfield>
   <subfield code="5">3142300698</subfield>
   <subfield code="7">Roč. LIX. (1920)</subfield>
   <subfield code="8">20170420</subfield>
   <subfield code="a">1920</subfield>
   <subfield code="b">59</subfield>
   <subfield code="f">95</subfield>
   <subfield code="h">Roč. LIX. (1920)</subfield>
   <subfield code="l">UEP01</subfield>
   <subfield code="m">ISSBD</subfield>
   <subfield code="q">Knihovna Žižkov - sklad 2</subfield>
   <subfield code="t">prezenční - lze objednat</subfield>
   <subfield code="u">UEP01</subfield>
   <subfield code="w">20170801</subfield>
  </datafield>
  <datafield tag="996" ind1=" " ind2=" ">
   <subfield code="1">PSKL2</subfield>
   <subfield code="3">F219</subfield>
   <subfield code="4">PC=?</subfield>
   <subfield code="5">3142300907</subfield>
   <subfield code="7">Roč. XXIV. ; 1885</subfield>
   <subfield code="8">20170721</subfield>
   <subfield code="a">1885</subfield>
   <subfield code="b">24</subfield>
   <subfield code="f">95</subfield>
   <subfield code="h">Roč. XXIV. ; 1885</subfield>
   <subfield code="l">UEP01</subfield>
   <subfield code="m">ISSBD</subfield>
   <subfield code="q">Knihovna Žižkov - sklad 2</subfield>
   <subfield code="t">prezenční - lze objednat</subfield>
   <subfield code="u">UEP01</subfield>
   <subfield code="w">20170802</subfield>
  </datafield>
  <datafield tag="996" ind1=" " ind2=" ">
   <subfield code="1">PSKL2</subfield>
   <subfield code="3">F219</subfield>
   <subfield code="4">PC=?</subfield>
   <subfield code="5">3142300992</subfield>
   <subfield code="7">Roč. CXXIV., č. 7-12 (1985)</subfield>
   <subfield code="8">20170721</subfield>
   <subfield code="a">1985</subfield>
   <subfield code="b">124</subfield>
   <subfield code="c">7-12</subfield>
   <subfield code="f">95</subfield>
   <subfield code="h">Roč. CXXIV., č. 7-12 (1985)</subfield>
   <subfield code="l">UEP01</subfield>
   <subfield code="m">ISSBD</subfield>
   <subfield code="q">Knihovna Žižkov - sklad 2</subfield>
   <subfield code="t">prezenční - lze objednat</subfield>
   <subfield code="u">UEP01</subfield>
   <subfield code="w">20170802</subfield>
  </datafield>
  <datafield tag="996" ind1=" " ind2=" ">
   <subfield code="1">PSKL2</subfield>
   <subfield code="3">F219</subfield>
   <subfield code="4">PC=?</subfield>
   <subfield code="5">3142301187</subfield>
   <subfield code="7">Roč. 87 (1948)</subfield>
   <subfield code="8">20170717</subfield>
   <subfield code="a">1948</subfield>
   <subfield code="b">87</subfield>
   <subfield code="f">95</subfield>
   <subfield code="h">Roč. 87 (1948)</subfield>
   <subfield code="l">UEP01</subfield>
   <subfield code="m">ISSBD</subfield>
   <subfield code="q">Knihovna Žižkov - sklad 2</subfield>
   <subfield code="t">prezenční - lze objednat</subfield>
   <subfield code="u">UEP01</subfield>
   <subfield code="w">20240222</subfield>
  </datafield>
  <datafield tag="996" ind1=" " ind2=" ">
   <subfield code="1">PSKLA</subfield>
   <subfield code="3">F219</subfield>
   <subfield code="4">N:P</subfield>
   <subfield code="5">3142903469</subfield>
   <subfield code="7">Roč. 156, č. 1-12 (2017)</subfield>
   <subfield code="8">20180514</subfield>
   <subfield code="a">2017</subfield>
   <subfield code="b">156</subfield>
   <subfield code="c">1-12</subfield>
   <subfield code="f">95</subfield>
   <subfield code="g">45020</subfield>
   <subfield code="h">Roč. 156, č. 1-12 (2017)</subfield>
   <subfield code="i">20170116</subfield>
   <subfield code="j">20170215</subfield>
   <subfield code="k">20170120</subfield>
   <subfield code="l">UEP01</subfield>
   <subfield code="m">ISSBD</subfield>
   <subfield code="q">Knihovna Žižkov - sklad</subfield>
   <subfield code="t">prezenční - lze objednat</subfield>
   <subfield code="u">UEP01</subfield>
   <subfield code="w">20180514</subfield>
  </datafield>
  <datafield tag="996" ind1=" " ind2=" ">
   <subfield code="1">PSKLA</subfield>
   <subfield code="3">F219</subfield>
   <subfield code="4">N:P</subfield>
   <subfield code="5">3142903838</subfield>
   <subfield code="7">Roč. 157, č. 1-12 (2018)</subfield>
   <subfield code="8">20190403</subfield>
   <subfield code="a">2018</subfield>
   <subfield code="b">157</subfield>
   <subfield code="c">1-12</subfield>
   <subfield code="f">95</subfield>
   <subfield code="g">47305</subfield>
   <subfield code="h">Roč. 157, č. 1-12 (2018)</subfield>
   <subfield code="i">20180116</subfield>
   <subfield code="j">20180215</subfield>
   <subfield code="k">20180131</subfield>
   <subfield code="l">UEP01</subfield>
   <subfield code="m">ISSBD</subfield>
   <subfield code="q">Knihovna Žižkov - sklad</subfield>
   <subfield code="t">prezenční - lze objednat</subfield>
   <subfield code="u">UEP01</subfield>
   <subfield code="w">20190403</subfield>
  </datafield>
  <datafield tag="996" ind1=" " ind2=" ">
   <subfield code="1">PSKLA</subfield>
   <subfield code="3">F219</subfield>
   <subfield code="4">N:P</subfield>
   <subfield code="5">3142903996</subfield>
   <subfield code="7">Roč. 158, č. 1-12 (2019)</subfield>
   <subfield code="8">20200212</subfield>
   <subfield code="a">2019</subfield>
   <subfield code="b">158</subfield>
   <subfield code="c">1-12</subfield>
   <subfield code="f">95</subfield>
   <subfield code="g">49345</subfield>
   <subfield code="h">Roč. 158, č. 1-12 (2019)</subfield>
   <subfield code="i">20190116</subfield>
   <subfield code="j">20190215</subfield>
   <subfield code="k">20190201</subfield>
   <subfield code="l">UEP01</subfield>
   <subfield code="m">ISSBD</subfield>
   <subfield code="q">Knihovna Žižkov - sklad</subfield>
   <subfield code="t">prezenční - lze objednat</subfield>
   <subfield code="u">UEP01</subfield>
   <subfield code="w">20200212</subfield>
  </datafield>
  <datafield tag="996" ind1=" " ind2=" ">
   <subfield code="1">PSKLA</subfield>
   <subfield code="3">F219</subfield>
   <subfield code="4">N:P</subfield>
   <subfield code="5">3142904258</subfield>
   <subfield code="7">Roč. 159, č. 1-12 (2020)</subfield>
   <subfield code="8">20210607</subfield>
   <subfield code="a">2020</subfield>
   <subfield code="b">159</subfield>
   <subfield code="c">1-12</subfield>
   <subfield code="f">95</subfield>
   <subfield code="g">51414</subfield>
   <subfield code="h">Roč. 159, č. 1-12 (2020)</subfield>
   <subfield code="i">20200116</subfield>
   <subfield code="j">20200215</subfield>
   <subfield code="k">20200109</subfield>
   <subfield code="l">UEP01</subfield>
   <subfield code="m">ISSBD</subfield>
   <subfield code="q">Knihovna Žižkov - sklad</subfield>
   <subfield code="t">prezenční - lze objednat</subfield>
   <subfield code="u">UEP01</subfield>
   <subfield code="w">20210607</subfield>
  </datafield>
  <datafield tag="996" ind1=" " ind2=" ">
   <subfield code="1">PSKLA</subfield>
   <subfield code="3">F219</subfield>
   <subfield code="4">N:P</subfield>
   <subfield code="5">3142904454</subfield>
   <subfield code="7">Roč. 160, č. 1-12 (2021)</subfield>
   <subfield code="8">20220307</subfield>
   <subfield code="a">2021</subfield>
   <subfield code="b">160</subfield>
   <subfield code="c">1-12</subfield>
   <subfield code="f">95</subfield>
   <subfield code="g">53702</subfield>
   <subfield code="h">Roč. 160, č. 1-12 (2021)</subfield>
   <subfield code="i">20210116</subfield>
   <subfield code="j">20210215</subfield>
   <subfield code="k">20210204</subfield>
   <subfield code="l">UEP01</subfield>
   <subfield code="m">ISSBD</subfield>
   <subfield code="q">Knihovna Žižkov - sklad</subfield>
   <subfield code="t">prezenční - lze objednat</subfield>
   <subfield code="u">UEP01</subfield>
   <subfield code="w">20220307</subfield>
  </datafield>
  <datafield tag="996" ind1=" " ind2=" ">
   <subfield code="1">PSKLA</subfield>
   <subfield code="3">F219</subfield>
   <subfield code="4">N:P</subfield>
   <subfield code="5">3142904651</subfield>
   <subfield code="7">Roč. 161, č. 1-12 (2022)</subfield>
   <subfield code="8">20230221</subfield>
   <subfield code="a">2022</subfield>
   <subfield code="b">161</subfield>
   <subfield code="c">1-12</subfield>
   <subfield code="f">95</subfield>
   <subfield code="g">55956</subfield>
   <subfield code="h">Roč. 161, č. 1-12 (2022)</subfield>
   <subfield code="i">20220116</subfield>
   <subfield code="j">20220215</subfield>
   <subfield code="k">20220204</subfield>
   <subfield code="l">UEP01</subfield>
   <subfield code="m">ISSBD</subfield>
   <subfield code="q">Knihovna Žižkov - sklad</subfield>
   <subfield code="t">prezenční - lze objednat</subfield>
   <subfield code="u">UEP01</subfield>
   <subfield code="w">20230221</subfield>
  </datafield>
  <datafield tag="996" ind1=" " ind2=" ">
   <subfield code="1">PSKLA</subfield>
   <subfield code="3">F219</subfield>
   <subfield code="4">N:P</subfield>
   <subfield code="5">3142904801</subfield>
   <subfield code="7">Roč. 162, č. 1-12 (2023)</subfield>
   <subfield code="8">20240123</subfield>
   <subfield code="a">2023</subfield>
   <subfield code="b">162</subfield>
   <subfield code="c">1-12</subfield>
   <subfield code="f">95</subfield>
   <subfield code="g">57709</subfield>
   <subfield code="h">Roč. 162, č. 1-12 (2023)</subfield>
   <subfield code="i">20230116</subfield>
   <subfield code="j">20230215</subfield>
   <subfield code="k">20230113</subfield>
   <subfield code="l">UEP01</subfield>
   <subfield code="m">ISSBD</subfield>
   <subfield code="q">Knihovna Žižkov - sklad</subfield>
   <subfield code="t">prezenční - lze objednat</subfield>
   <subfield code="u">UEP01</subfield>
   <subfield code="w">20240123</subfield>
  </datafield>
  <datafield tag="996" ind1=" " ind2=" ">
   <subfield code="1">PSKLA</subfield>
   <subfield code="3">F219</subfield>
   <subfield code="4">N:P</subfield>
   <subfield code="5">3142904961</subfield>
   <subfield code="7">Roč. 163, č. 1-12 (2024)</subfield>
   <subfield code="8">20250325</subfield>
   <subfield code="a">2024</subfield>
   <subfield code="b">163</subfield>
   <subfield code="c">1-12</subfield>
   <subfield code="f">95</subfield>
   <subfield code="g">59501</subfield>
   <subfield code="h">Roč. 163, č. 1-12 (2024)</subfield>
   <subfield code="i">20240116</subfield>
   <subfield code="j">20240215</subfield>
   <subfield code="k">20240110</subfield>
   <subfield code="l">UEP01</subfield>
   <subfield code="m">ISSBD</subfield>
   <subfield code="q">Knihovna Žižkov - sklad</subfield>
   <subfield code="t">prezenční - lze objednat</subfield>
   <subfield code="u">UEP01</subfield>
   <subfield code="w">20250325</subfield>
  </datafield>
  <datafield tag="996" ind1=" " ind2=" ">
   <subfield code="1">PSKLA</subfield>
   <subfield code="3">F219</subfield>
   <subfield code="4">N:P</subfield>
   <subfield code="5">3142905031</subfield>
   <subfield code="7">Roč. 164, č. 1-12 (2025)</subfield>
   <subfield code="8">20260122</subfield>
   <subfield code="a">2025</subfield>
   <subfield code="b">164</subfield>
   <subfield code="c">1-12</subfield>
   <subfield code="f">95</subfield>
   <subfield code="g">60657</subfield>
   <subfield code="h">Roč. 164, č. 1-12 (2025)</subfield>
   <subfield code="i">20250116</subfield>
   <subfield code="j">20250215</subfield>
   <subfield code="k">20250210</subfield>
   <subfield code="l">UEP01</subfield>
   <subfield code="m">ISSBD</subfield>
   <subfield code="q">Knihovna Žižkov - sklad</subfield>
   <subfield code="t">prezenční - lze objednat</subfield>
   <subfield code="u">UEP01</subfield>
   <subfield code="w">20260122</subfield>
  </datafield>
  <datafield tag="996" ind1=" " ind2=" ">
   <subfield code="1">PSTUD</subfield>
   <subfield code="5">71571-5070</subfield>
   <subfield code="7">Roč. 165, č. 1 (2026)</subfield>
   <subfield code="8">20251210</subfield>
   <subfield code="a">2026</subfield>
   <subfield code="b">165</subfield>
   <subfield code="c">1</subfield>
   <subfield code="f">85</subfield>
   <subfield code="g">62036</subfield>
   <subfield code="h">Roč. 165, č. 1 (2026)</subfield>
   <subfield code="i">20260116</subfield>
   <subfield code="j">20260215</subfield>
   <subfield code="k">20260109</subfield>
   <subfield code="l">UEP01</subfield>
   <subfield code="m">ISSUE</subfield>
   <subfield code="q">Studovna Žižkov</subfield>
   <subfield code="t">prezenční</subfield>
   <subfield code="u">UEP01</subfield>
  </datafield>
  <datafield tag="996" ind1=" " ind2=" ">
   <subfield code="1">PSTUD</subfield>
   <subfield code="5">71571-5080</subfield>
   <subfield code="7">Roč. 165, č. 2 (2026)</subfield>
   <subfield code="8">20251210</subfield>
   <subfield code="a">2026</subfield>
   <subfield code="b">165</subfield>
   <subfield code="c">2</subfield>
   <subfield code="f">85</subfield>
   <subfield code="g">62036</subfield>
   <subfield code="h">Roč. 165, č. 2 (2026)</subfield>
   <subfield code="i">20260216</subfield>
   <subfield code="j">20260318</subfield>
   <subfield code="k">20260204</subfield>
   <subfield code="l">UEP01</subfield>
   <subfield code="m">ISSUE</subfield>
   <subfield code="q">Studovna Žižkov</subfield>
   <subfield code="t">prezenční</subfield>
   <subfield code="u">UEP01</subfield>
  </datafield>
  <datafield tag="996" ind1=" " ind2=" ">
   <subfield code="1">PSTUD</subfield>
   <subfield code="5">71571-5090</subfield>
   <subfield code="7">Roč. 165, č. 3 (2026)</subfield>
   <subfield code="8">20251210</subfield>
   <subfield code="a">2026</subfield>
   <subfield code="b">165</subfield>
   <subfield code="c">3</subfield>
   <subfield code="f">85</subfield>
   <subfield code="g">62036</subfield>
   <subfield code="h">Roč. 165, č. 3 (2026)</subfield>
   <subfield code="i">20260316</subfield>
   <subfield code="j">20260415</subfield>
   <subfield code="k">20260306</subfield>
   <subfield code="l">UEP01</subfield>
   <subfield code="m">ISSUE</subfield>
   <subfield code="q">Studovna Žižkov</subfield>
   <subfield code="t">prezenční</subfield>
   <subfield code="u">UEP01</subfield>
  </datafield>
  <datafield tag="996" ind1=" " ind2=" ">
   <subfield code="1">PSTUD</subfield>
   <subfield code="5">71571-5100</subfield>
   <subfield code="7">Roč. 165, č. 4 (2026)</subfield>
   <subfield code="8">20251210</subfield>
   <subfield code="a">2026</subfield>
   <subfield code="b">165</subfield>
   <subfield code="c">4</subfield>
   <subfield code="f">85</subfield>
   <subfield code="g">62036</subfield>
   <subfield code="h">Roč. 165, č. 4 (2026)</subfield>
   <subfield code="i">20260416</subfield>
   <subfield code="j">20260516</subfield>
   <subfield code="k">20260409</subfield>
   <subfield code="l">UEP01</subfield>
   <subfield code="m">ISSUE</subfield>
   <subfield code="q">Studovna Žižkov</subfield>
   <subfield code="t">prezenční</subfield>
   <subfield code="u">UEP01</subfield>
  </datafield>
  <datafield tag="996" ind1=" " ind2=" ">
   <subfield code="1">PSTUD</subfield>
   <subfield code="5">71571-5110</subfield>
   <subfield code="7">Roč. 165, č. 5 (2026)</subfield>
   <subfield code="8">20251210</subfield>
   <subfield code="a">2026</subfield>
   <subfield code="b">165</subfield>
   <subfield code="c">5</subfield>
   <subfield code="f">85</subfield>
   <subfield code="g">62036</subfield>
   <subfield code="h">Roč. 165, č. 5 (2026)</subfield>
   <subfield code="i">20260516</subfield>
   <subfield code="j">20260615</subfield>
   <subfield code="k">20260507</subfield>
   <subfield code="l">UEP01</subfield>
   <subfield code="m">ISSUE</subfield>
   <subfield code="q">Studovna Žižkov</subfield>
   <subfield code="t">prezenční</subfield>
   <subfield code="u">UEP01</subfield>
  </datafield>
  <datafield tag="996" ind1=" " ind2=" ">
   <subfield code="1">PTOCN</subfield>
   <subfield code="3">F219</subfield>
   <subfield code="4">N:P</subfield>
   <subfield code="5">3142187362</subfield>
   <subfield code="7">Roč. 141, č. 5-8 (2002)</subfield>
   <subfield code="8">20041208</subfield>
   <subfield code="a">2002</subfield>
   <subfield code="b">141</subfield>
   <subfield code="c">5-8</subfield>
   <subfield code="f">95</subfield>
   <subfield code="h">Roč. 141, č. 5-8 (2002)</subfield>
   <subfield code="l">UEP01</subfield>
   <subfield code="m">ISSBD</subfield>
   <subfield code="q">Točná</subfield>
   <subfield code="t">prezenční - lze objednat</subfield>
   <subfield code="u">UEP01</subfield>
   <subfield code="w">20050209</subfield>
  </datafield>
  <datafield tag="996" ind1=" " ind2=" ">
   <subfield code="1">PTOCN</subfield>
   <subfield code="3">F219</subfield>
   <subfield code="4">N:P</subfield>
   <subfield code="5">3142187435</subfield>
   <subfield code="7">Roč. 141, č. 1-4 (2002)</subfield>
   <subfield code="8">20040815</subfield>
   <subfield code="a">2002</subfield>
   <subfield code="b">141</subfield>
   <subfield code="c">1-4</subfield>
   <subfield code="f">95</subfield>
   <subfield code="h">Roč. 141, č. 1-4 (2002)</subfield>
   <subfield code="l">UEP01</subfield>
   <subfield code="m">ISSBD</subfield>
   <subfield code="q">Točná</subfield>
   <subfield code="t">prezenční - lze objednat</subfield>
   <subfield code="u">UEP01</subfield>
   <subfield code="w">20050216</subfield>
  </datafield>
  <datafield tag="996" ind1=" " ind2=" ">
   <subfield code="1">PTOCN</subfield>
   <subfield code="3">F219</subfield>
   <subfield code="4">N:P</subfield>
   <subfield code="5">3142187446</subfield>
   <subfield code="7">Roč. 141, č. 9-12 (2002)</subfield>
   <subfield code="8">20041208</subfield>
   <subfield code="a">2002</subfield>
   <subfield code="b">141</subfield>
   <subfield code="c">9-12</subfield>
   <subfield code="f">95</subfield>
   <subfield code="h">Roč. 141, č. 9-12 (2002)</subfield>
   <subfield code="l">UEP01</subfield>
   <subfield code="m">ISSBD</subfield>
   <subfield code="q">Točná</subfield>
   <subfield code="t">prezenční - lze objednat</subfield>
   <subfield code="u">UEP01</subfield>
   <subfield code="w">20050217</subfield>
  </datafield>
  <datafield tag="996" ind1=" " ind2=" ">
   <subfield code="1">PTOCN</subfield>
   <subfield code="3">F219</subfield>
   <subfield code="4">N:P</subfield>
   <subfield code="5">3142198154</subfield>
   <subfield code="7">Roč. 142, č. 1-4 (2003)</subfield>
   <subfield code="8">20040815</subfield>
   <subfield code="a">2003</subfield>
   <subfield code="b">142</subfield>
   <subfield code="c">1-4</subfield>
   <subfield code="f">95</subfield>
   <subfield code="h">Roč. 142, č. 1-4 (2003)</subfield>
   <subfield code="l">UEP01</subfield>
   <subfield code="m">ISSBD</subfield>
   <subfield code="q">Točná</subfield>
   <subfield code="t">prezenční - lze objednat</subfield>
   <subfield code="u">UEP01</subfield>
   <subfield code="w">20060220</subfield>
  </datafield>
  <datafield tag="996" ind1=" " ind2=" ">
   <subfield code="1">PTOCN</subfield>
   <subfield code="3">F219</subfield>
   <subfield code="4">N:P</subfield>
   <subfield code="5">3142198185</subfield>
   <subfield code="7">Roč. 142, č. 5-8 (2003)</subfield>
   <subfield code="8">20060222</subfield>
   <subfield code="a">2003</subfield>
   <subfield code="b">142</subfield>
   <subfield code="c">5-8</subfield>
   <subfield code="f">95</subfield>
   <subfield code="h">Roč. 142, č. 5-8 (2003)</subfield>
   <subfield code="i">20060222</subfield>
   <subfield code="l">UEP01</subfield>
   <subfield code="m">ISSBD</subfield>
   <subfield code="q">Točná</subfield>
   <subfield code="t">prezenční - lze objednat</subfield>
   <subfield code="u">UEP01</subfield>
   <subfield code="w">20060224</subfield>
  </datafield>
  <datafield tag="996" ind1=" " ind2=" ">
   <subfield code="1">PTOCN</subfield>
   <subfield code="3">F219</subfield>
   <subfield code="4">N:P</subfield>
   <subfield code="5">3142198219</subfield>
   <subfield code="7">Roč. 142, č. 9-12 (2003)</subfield>
   <subfield code="8">20060224</subfield>
   <subfield code="a">2003</subfield>
   <subfield code="b">142</subfield>
   <subfield code="c">9-12</subfield>
   <subfield code="f">95</subfield>
   <subfield code="h">Roč. 142, č. 9-12 (2003)</subfield>
   <subfield code="i">20060222</subfield>
   <subfield code="l">UEP01</subfield>
   <subfield code="m">ISSBD</subfield>
   <subfield code="q">Točná</subfield>
   <subfield code="t">prezenční - lze objednat</subfield>
   <subfield code="u">UEP01</subfield>
   <subfield code="w">20060418</subfield>
  </datafield>
  <datafield tag="996" ind1=" " ind2=" ">
   <subfield code="1">PTOCN</subfield>
   <subfield code="3">F219</subfield>
   <subfield code="4">N:P</subfield>
   <subfield code="5">3142206258</subfield>
   <subfield code="7">Roč. 143, č. 1-6 (2004)</subfield>
   <subfield code="8">20061215</subfield>
   <subfield code="a">2004</subfield>
   <subfield code="b">143</subfield>
   <subfield code="c">1-6</subfield>
   <subfield code="f">95</subfield>
   <subfield code="h">Roč. 143, č. 1-6 (2004)</subfield>
   <subfield code="i">20040116</subfield>
   <subfield code="j">20040215</subfield>
   <subfield code="k">20040612</subfield>
   <subfield code="l">UEP01</subfield>
   <subfield code="m">ISSBD</subfield>
   <subfield code="q">Točná</subfield>
   <subfield code="t">prezenční - lze objednat</subfield>
   <subfield code="u">UEP01</subfield>
   <subfield code="w">20061215</subfield>
  </datafield>
  <datafield tag="996" ind1=" " ind2=" ">
   <subfield code="1">PTOCN</subfield>
   <subfield code="3">F219</subfield>
   <subfield code="4">N:P</subfield>
   <subfield code="5">3142206259</subfield>
   <subfield code="7">Roč. 143, č. 7-12 (2004)</subfield>
   <subfield code="8">20050404</subfield>
   <subfield code="a">2004</subfield>
   <subfield code="b">143</subfield>
   <subfield code="c">7-12</subfield>
   <subfield code="f">95</subfield>
   <subfield code="h">Roč. 143, č. 7-12 (2004)</subfield>
   <subfield code="i">20040116</subfield>
   <subfield code="j">20040215</subfield>
   <subfield code="k">20040120</subfield>
   <subfield code="l">UEP01</subfield>
   <subfield code="m">ISSBD</subfield>
   <subfield code="q">Točná</subfield>
   <subfield code="t">prezenční - lze objednat</subfield>
   <subfield code="u">UEP01</subfield>
   <subfield code="w">20070129</subfield>
  </datafield>
  <datafield tag="996" ind1=" " ind2=" ">
   <subfield code="1">PTOCN</subfield>
   <subfield code="3">F219</subfield>
   <subfield code="4">N:P</subfield>
   <subfield code="5">3142212409</subfield>
   <subfield code="7">Roč. 144, č. 1-6 (2005)</subfield>
   <subfield code="8">20060418</subfield>
   <subfield code="a">2005</subfield>
   <subfield code="b">144</subfield>
   <subfield code="c">1-6</subfield>
   <subfield code="f">95</subfield>
   <subfield code="g">1683</subfield>
   <subfield code="h">Roč. 144, č. 1-6 (2005)</subfield>
   <subfield code="i">20050116</subfield>
   <subfield code="j">20050215</subfield>
   <subfield code="k">20050119</subfield>
   <subfield code="l">UEP01</subfield>
   <subfield code="m">ISSBD</subfield>
   <subfield code="q">Točná</subfield>
   <subfield code="t">prezenční - lze objednat</subfield>
   <subfield code="u">UEP01</subfield>
   <subfield code="w">20080401</subfield>
  </datafield>
  <datafield tag="996" ind1=" " ind2=" ">
   <subfield code="1">PTOCN</subfield>
   <subfield code="3">F219</subfield>
   <subfield code="4">N:P</subfield>
   <subfield code="5">3142212410</subfield>
   <subfield code="7">Roč. 144, č. 7-12 (2005)</subfield>
   <subfield code="8">20080204</subfield>
   <subfield code="a">2005</subfield>
   <subfield code="b">144</subfield>
   <subfield code="c">7-12</subfield>
   <subfield code="f">95</subfield>
   <subfield code="g">1683</subfield>
   <subfield code="h">Roč. 144, č. 7-12 (2005)</subfield>
   <subfield code="i">20050116</subfield>
   <subfield code="j">20050215</subfield>
   <subfield code="k">20050119</subfield>
   <subfield code="l">UEP01</subfield>
   <subfield code="m">ISSBD</subfield>
   <subfield code="q">Točná</subfield>
   <subfield code="t">prezenční - lze objednat</subfield>
   <subfield code="u">UEP01</subfield>
   <subfield code="w">20080401</subfield>
  </datafield>
  <datafield tag="996" ind1=" " ind2=" ">
   <subfield code="1">PTOCN</subfield>
   <subfield code="3">F219</subfield>
   <subfield code="4">N:P</subfield>
   <subfield code="5">3142229437</subfield>
   <subfield code="7">Roč. 145, č. 1-4 (2006)</subfield>
   <subfield code="8">20070307</subfield>
   <subfield code="a">2006</subfield>
   <subfield code="b">145</subfield>
   <subfield code="c">1-4</subfield>
   <subfield code="f">95</subfield>
   <subfield code="g">5498</subfield>
   <subfield code="h">Roč. 145, č. 1-4 (2006)</subfield>
   <subfield code="i">20060116</subfield>
   <subfield code="j">20060215</subfield>
   <subfield code="k">20060123</subfield>
   <subfield code="l">UEP01</subfield>
   <subfield code="m">ISSBD</subfield>
   <subfield code="q">Točná</subfield>
   <subfield code="t">prezenční - lze objednat</subfield>
   <subfield code="u">UEP01</subfield>
   <subfield code="w">20090430</subfield>
  </datafield>
  <datafield tag="996" ind1=" " ind2=" ">
   <subfield code="1">PTOCN</subfield>
   <subfield code="3">F219</subfield>
   <subfield code="4">N:P</subfield>
   <subfield code="5">3142229438</subfield>
   <subfield code="7">Roč. 145, č. 5-8 (2006)</subfield>
   <subfield code="8">20090430</subfield>
   <subfield code="a">2006</subfield>
   <subfield code="b">145</subfield>
   <subfield code="c">5-8</subfield>
   <subfield code="f">95</subfield>
   <subfield code="g">5498</subfield>
   <subfield code="h">Roč. 145, č. 5-8 (2006)</subfield>
   <subfield code="i">20060116</subfield>
   <subfield code="j">20060215</subfield>
   <subfield code="k">20060123</subfield>
   <subfield code="l">UEP01</subfield>
   <subfield code="m">ISSBD</subfield>
   <subfield code="q">Točná</subfield>
   <subfield code="t">prezenční - lze objednat</subfield>
   <subfield code="u">UEP01</subfield>
   <subfield code="w">20090430</subfield>
  </datafield>
  <datafield tag="996" ind1=" " ind2=" ">
   <subfield code="1">PTOCN</subfield>
   <subfield code="3">F219</subfield>
   <subfield code="4">N:P</subfield>
   <subfield code="5">3142229439</subfield>
   <subfield code="7">Roč. 145, č. 9-12 (2006)</subfield>
   <subfield code="8">20081115</subfield>
   <subfield code="a">2006</subfield>
   <subfield code="b">145</subfield>
   <subfield code="c">9-12</subfield>
   <subfield code="f">95</subfield>
   <subfield code="g">5498</subfield>
   <subfield code="h">Roč. 145, č. 9-12 (2006)</subfield>
   <subfield code="i">20060116</subfield>
   <subfield code="j">20060215</subfield>
   <subfield code="k">20060123</subfield>
   <subfield code="l">UEP01</subfield>
   <subfield code="m">ISSBD</subfield>
   <subfield code="q">Točná</subfield>
   <subfield code="t">prezenční - lze objednat</subfield>
   <subfield code="u">UEP01</subfield>
   <subfield code="w">20090430</subfield>
  </datafield>
  <datafield tag="996" ind1=" " ind2=" ">
   <subfield code="1">PTOCN</subfield>
   <subfield code="3">F219</subfield>
   <subfield code="4">N:P</subfield>
   <subfield code="5">3142340868</subfield>
   <subfield code="7">Roč. 99, č. 1-10 (1960)</subfield>
   <subfield code="8">20220321</subfield>
   <subfield code="a">1960</subfield>
   <subfield code="b">99</subfield>
   <subfield code="c">1-10</subfield>
   <subfield code="f">95</subfield>
   <subfield code="h">Roč. 99, č. 1-10 (1960)</subfield>
   <subfield code="l">UEP01</subfield>
   <subfield code="m">ISSBD</subfield>
   <subfield code="q">Točná</subfield>
   <subfield code="t">prezenční - lze objednat</subfield>
   <subfield code="u">UEP01</subfield>
   <subfield code="w">20220321</subfield>
  </datafield>
  <datafield tag="996" ind1=" " ind2=" ">
   <subfield code="1">PTOCN</subfield>
   <subfield code="3">F219</subfield>
   <subfield code="4">N:P</subfield>
   <subfield code="5">3142340869</subfield>
   <subfield code="7">Roč. 102, č. 1-10 (1963)</subfield>
   <subfield code="8">20220321</subfield>
   <subfield code="a">1963</subfield>
   <subfield code="b">102</subfield>
   <subfield code="c">1-10</subfield>
   <subfield code="f">95</subfield>
   <subfield code="h">Roč. 102, č. 1-10 (1963)</subfield>
   <subfield code="l">UEP01</subfield>
   <subfield code="m">ISSBD</subfield>
   <subfield code="q">Točná</subfield>
   <subfield code="t">prezenční - lze objednat</subfield>
   <subfield code="u">UEP01</subfield>
   <subfield code="w">20220321</subfield>
  </datafield>
  <datafield tag="996" ind1=" " ind2=" ">
   <subfield code="1">PTOCN</subfield>
   <subfield code="3">F219</subfield>
   <subfield code="4">N:P</subfield>
   <subfield code="5">3142340870</subfield>
   <subfield code="7">Roč. 108, č. 1-6 (1969)</subfield>
   <subfield code="8">20220321</subfield>
   <subfield code="a">1969</subfield>
   <subfield code="b">108</subfield>
   <subfield code="c">1-6</subfield>
   <subfield code="f">95</subfield>
   <subfield code="h">Roč. 108, č. 1-6 (1969)</subfield>
   <subfield code="l">UEP01</subfield>
   <subfield code="m">ISSBD</subfield>
   <subfield code="q">Točná</subfield>
   <subfield code="t">prezenční - lze objednat</subfield>
   <subfield code="u">UEP01</subfield>
   <subfield code="w">20220321</subfield>
  </datafield>
  <datafield tag="996" ind1=" " ind2=" ">
   <subfield code="1">PTOCN</subfield>
   <subfield code="3">F219</subfield>
   <subfield code="4">N:P</subfield>
   <subfield code="5">3142340871</subfield>
   <subfield code="7">Roč. 108, č. 7-12 (1969)</subfield>
   <subfield code="8">20220321</subfield>
   <subfield code="a">1969</subfield>
   <subfield code="b">108</subfield>
   <subfield code="c">7-12</subfield>
   <subfield code="f">95</subfield>
   <subfield code="h">Roč. 108, č. 7-12 (1969)</subfield>
   <subfield code="l">UEP01</subfield>
   <subfield code="m">ISSBD</subfield>
   <subfield code="q">Točná</subfield>
   <subfield code="t">prezenční - lze objednat</subfield>
   <subfield code="u">UEP01</subfield>
   <subfield code="w">20220321</subfield>
  </datafield>
  <datafield tag="996" ind1=" " ind2=" ">
   <subfield code="1">PTOCN</subfield>
   <subfield code="3">F219</subfield>
   <subfield code="4">N:P</subfield>
   <subfield code="5">3142900673</subfield>
   <subfield code="7">Roč. 146, č. 1-12 (2007)</subfield>
   <subfield code="8">20080704</subfield>
   <subfield code="a">2007</subfield>
   <subfield code="b">146</subfield>
   <subfield code="c">1-12</subfield>
   <subfield code="f">95</subfield>
   <subfield code="g">9022</subfield>
   <subfield code="h">Roč. 146, č. 1-12 (2007)</subfield>
   <subfield code="i">20070116</subfield>
   <subfield code="j">20070317</subfield>
   <subfield code="k">20070123</subfield>
   <subfield code="l">UEP01</subfield>
   <subfield code="m">ISSBD</subfield>
   <subfield code="q">Točná</subfield>
   <subfield code="t">prezenční - lze objednat</subfield>
   <subfield code="u">UEP01</subfield>
   <subfield code="w">20090924</subfield>
  </datafield>
  <datafield tag="996" ind1=" " ind2=" ">
   <subfield code="1">PTOCN</subfield>
   <subfield code="3">F219</subfield>
   <subfield code="4">N:P</subfield>
   <subfield code="5">3142900674</subfield>
   <subfield code="7">Roč. 147, č. 1-12 (2008)</subfield>
   <subfield code="8">20090224</subfield>
   <subfield code="a">2008</subfield>
   <subfield code="b">147</subfield>
   <subfield code="c">1-12</subfield>
   <subfield code="f">95</subfield>
   <subfield code="g">13088</subfield>
   <subfield code="h">Roč. 147, č. 1-12 (2008)</subfield>
   <subfield code="i">20080116</subfield>
   <subfield code="j">20080316</subfield>
   <subfield code="k">20080108</subfield>
   <subfield code="l">UEP01</subfield>
   <subfield code="m">ISSBD</subfield>
   <subfield code="q">Točná</subfield>
   <subfield code="t">prezenční - lze objednat</subfield>
   <subfield code="u">UEP01</subfield>
   <subfield code="w">20090924</subfield>
  </datafield>
  <datafield tag="996" ind1=" " ind2=" ">
   <subfield code="1">PTOCN</subfield>
   <subfield code="3">F219</subfield>
   <subfield code="4">N:P</subfield>
   <subfield code="5">3142901484</subfield>
   <subfield code="7">Roč. 148, č. 1-12 (2009)</subfield>
   <subfield code="8">20101228</subfield>
   <subfield code="a">2009</subfield>
   <subfield code="b">148</subfield>
   <subfield code="c">1-12</subfield>
   <subfield code="f">95</subfield>
   <subfield code="g">16912</subfield>
   <subfield code="h">Roč. 148, č. 1-12 (2009)</subfield>
   <subfield code="i">20090116</subfield>
   <subfield code="j">20090215</subfield>
   <subfield code="k">20090109</subfield>
   <subfield code="l">UEP01</subfield>
   <subfield code="m">ISSBD</subfield>
   <subfield code="q">Točná</subfield>
   <subfield code="t">prezenční - lze objednat</subfield>
   <subfield code="u">UEP01</subfield>
   <subfield code="w">20101228</subfield>
  </datafield>
  <datafield tag="996" ind1=" " ind2=" ">
   <subfield code="1">PTOCN</subfield>
   <subfield code="3">F219</subfield>
   <subfield code="4">N:P</subfield>
   <subfield code="5">3142901557</subfield>
   <subfield code="7">Roč. 149, č. 1-12 (2010)</subfield>
   <subfield code="8">20110412</subfield>
   <subfield code="a">2010</subfield>
   <subfield code="b">149</subfield>
   <subfield code="c">1-12</subfield>
   <subfield code="f">95</subfield>
   <subfield code="g">20449</subfield>
   <subfield code="h">Roč. 149, č. 1-12 (2010)</subfield>
   <subfield code="i">20100116</subfield>
   <subfield code="j">20100215</subfield>
   <subfield code="k">20100108</subfield>
   <subfield code="l">UEP01</subfield>
   <subfield code="m">ISSBD</subfield>
   <subfield code="q">Točná</subfield>
   <subfield code="t">prezenční - lze objednat</subfield>
   <subfield code="u">UEP01</subfield>
   <subfield code="w">20110412</subfield>
  </datafield>
  <datafield tag="996" ind1=" " ind2=" ">
   <subfield code="1">PTOCN</subfield>
   <subfield code="3">F219</subfield>
   <subfield code="4">N:P</subfield>
   <subfield code="5">3142901833</subfield>
   <subfield code="7">Roč. 150, č. 1-12 + příloha The Lawyer Quarterly 1-3 (2011)</subfield>
   <subfield code="8">20120516</subfield>
   <subfield code="a">2011</subfield>
   <subfield code="b">150</subfield>
   <subfield code="c">1-12</subfield>
   <subfield code="f">95</subfield>
   <subfield code="g">24236</subfield>
   <subfield code="h">Roč. 150, č. 1-12 + příloha The Lawyer Quarterly 1-3 (2011)</subfield>
   <subfield code="i">20110116</subfield>
   <subfield code="j">20110215</subfield>
   <subfield code="k">20110113</subfield>
   <subfield code="l">UEP01</subfield>
   <subfield code="m">ISSBD</subfield>
   <subfield code="q">Točná</subfield>
   <subfield code="t">prezenční - lze objednat</subfield>
   <subfield code="u">UEP01</subfield>
   <subfield code="w">20120516</subfield>
  </datafield>
  <datafield tag="996" ind1=" " ind2=" ">
   <subfield code="1">PTOCN</subfield>
   <subfield code="3">F219</subfield>
   <subfield code="4">N:P</subfield>
   <subfield code="5">3142902101</subfield>
   <subfield code="7">Roč. 151, č. 1-12 + přílohy The Lawyer Quarterly No. 1-4 (2012)</subfield>
   <subfield code="8">20130522</subfield>
   <subfield code="a">2012</subfield>
   <subfield code="b">151</subfield>
   <subfield code="c">1-12</subfield>
   <subfield code="f">95</subfield>
   <subfield code="g">27797</subfield>
   <subfield code="h">Roč. 151, č. 1-12 + přílohy The Lawyer Quarterly No. 1-4 (2012)</subfield>
   <subfield code="i">20120116</subfield>
   <subfield code="j">20120215</subfield>
   <subfield code="k">20120113</subfield>
   <subfield code="l">UEP01</subfield>
   <subfield code="m">ISSBD</subfield>
   <subfield code="q">Točná</subfield>
   <subfield code="t">prezenční - lze objednat</subfield>
   <subfield code="u">UEP01</subfield>
   <subfield code="w">20130522</subfield>
  </datafield>
  <datafield tag="996" ind1=" " ind2=" ">
   <subfield code="1">PTOCN</subfield>
   <subfield code="3">F219</subfield>
   <subfield code="4">N:P</subfield>
   <subfield code="5">3142902632</subfield>
   <subfield code="7">Roč. 154, č. 1-12 (2015)</subfield>
   <subfield code="8">20160523</subfield>
   <subfield code="a">2015</subfield>
   <subfield code="b">154</subfield>
   <subfield code="c">1-12</subfield>
   <subfield code="f">95</subfield>
   <subfield code="g">39514</subfield>
   <subfield code="h">Roč. 154, č. 1-12 (2015)</subfield>
   <subfield code="i">20150116</subfield>
   <subfield code="j">20150215</subfield>
   <subfield code="k">20150116</subfield>
   <subfield code="l">UEP01</subfield>
   <subfield code="m">ISSBD</subfield>
   <subfield code="q">Točná</subfield>
   <subfield code="t">prezenční - lze objednat</subfield>
   <subfield code="u">UEP01</subfield>
   <subfield code="w">20160523</subfield>
  </datafield>
  <datafield tag="996" ind1=" " ind2=" ">
   <subfield code="1">PTOCN</subfield>
   <subfield code="3">F219</subfield>
   <subfield code="4">N:P</subfield>
   <subfield code="5">3142903246</subfield>
   <subfield code="7">Roč. 155, č. 1-12 (2016)</subfield>
   <subfield code="8">20170509</subfield>
   <subfield code="a">2016</subfield>
   <subfield code="b">155</subfield>
   <subfield code="c">1-12</subfield>
   <subfield code="f">95</subfield>
   <subfield code="g">42295</subfield>
   <subfield code="h">Roč. 155, č. 1-12 (2016)</subfield>
   <subfield code="i">20160116</subfield>
   <subfield code="j">20160215</subfield>
   <subfield code="k">20160121</subfield>
   <subfield code="l">UEP01</subfield>
   <subfield code="m">ISSBD</subfield>
   <subfield code="q">Točná</subfield>
   <subfield code="t">prezenční - lze objednat</subfield>
   <subfield code="u">UEP01</subfield>
   <subfield code="w">20170509</subfield>
  </datafield>
  <datafield tag="996" ind1=" " ind2=" ">
   <subfield code="1">PTOCN</subfield>
   <subfield code="3">F219</subfield>
   <subfield code="4">N:P</subfield>
   <subfield code="5">3142904230</subfield>
   <subfield code="7">Roč. 132, č. 1-12 (1993)</subfield>
   <subfield code="8">20210527</subfield>
   <subfield code="a">1993</subfield>
   <subfield code="b">132</subfield>
   <subfield code="c">1</subfield>
   <subfield code="f">95</subfield>
   <subfield code="h">Roč. 132, č. 1-12 (1993)</subfield>
   <subfield code="l">UEP01</subfield>
   <subfield code="m">ISSBD</subfield>
   <subfield code="q">Točná</subfield>
   <subfield code="t">prezenční - lze objednat</subfield>
   <subfield code="u">UEP01</subfield>
   <subfield code="w">20210604</subfield>
  </datafield>
  <datafield tag="996" ind1=" " ind2=" ">
   <subfield code="1">PTOCN</subfield>
   <subfield code="3">F219</subfield>
   <subfield code="4">N:P</subfield>
   <subfield code="5">3142904231</subfield>
   <subfield code="7">Roč. 133, č. 1-3, 5-8, 11-12 (1994)</subfield>
   <subfield code="8">20210527</subfield>
   <subfield code="a">1994</subfield>
   <subfield code="b">133</subfield>
   <subfield code="c">1-12</subfield>
   <subfield code="f">95</subfield>
   <subfield code="h">Roč. 133, č. 1-3, 5-8, 11-12 (1994)</subfield>
   <subfield code="l">UEP01</subfield>
   <subfield code="m">ISSBD</subfield>
   <subfield code="q">Točná</subfield>
   <subfield code="t">prezenční - lze objednat</subfield>
   <subfield code="u">UEP01</subfield>
   <subfield code="w">20210604</subfield>
  </datafield>
  <datafield tag="996" ind1=" " ind2=" ">
   <subfield code="1">PTOCN</subfield>
   <subfield code="3">F219</subfield>
   <subfield code="4">N:P</subfield>
   <subfield code="5">3142904232</subfield>
   <subfield code="7">Roč. 134, č. 1-12 (1995)</subfield>
   <subfield code="8">20210527</subfield>
   <subfield code="a">1995</subfield>
   <subfield code="b">134</subfield>
   <subfield code="c">1-12</subfield>
   <subfield code="f">95</subfield>
   <subfield code="h">Roč. 134, č. 1-12 (1995)</subfield>
   <subfield code="l">UEP01</subfield>
   <subfield code="m">ISSBD</subfield>
   <subfield code="q">Točná</subfield>
   <subfield code="t">prezenční - lze objednat</subfield>
   <subfield code="u">UEP01</subfield>
   <subfield code="w">20210604</subfield>
  </datafield>
  <datafield tag="996" ind1=" " ind2=" ">
   <subfield code="1">PTOCN</subfield>
   <subfield code="3">F219</subfield>
   <subfield code="4">N:P</subfield>
   <subfield code="5">3142904480</subfield>
   <subfield code="7">Roč. 114, č. 1-12 (1975)</subfield>
   <subfield code="8">20220321</subfield>
   <subfield code="a">1975</subfield>
   <subfield code="b">114</subfield>
   <subfield code="c">1-12</subfield>
   <subfield code="f">95</subfield>
   <subfield code="h">Roč. 114, č. 1-12 (1975)</subfield>
   <subfield code="l">UEP01</subfield>
   <subfield code="m">ISSBD</subfield>
   <subfield code="q">Točná</subfield>
   <subfield code="t">prezenční - lze objednat</subfield>
   <subfield code="u">UEP01</subfield>
   <subfield code="w">20220321</subfield>
  </datafield>
  <datafield tag="996" ind1=" " ind2=" ">
   <subfield code="1">PTOCN</subfield>
   <subfield code="3">F219</subfield>
   <subfield code="4">N:P</subfield>
   <subfield code="5">3142904743</subfield>
   <subfield code="7">Roč. 135, č. 1-12 (1996)</subfield>
   <subfield code="8">20230621</subfield>
   <subfield code="a">1996</subfield>
   <subfield code="b">135</subfield>
   <subfield code="c">1-12</subfield>
   <subfield code="f">95</subfield>
   <subfield code="h">Roč. 135, č. 1-12 (1996)</subfield>
   <subfield code="l">UEP01</subfield>
   <subfield code="m">ISSBD</subfield>
   <subfield code="q">Točná</subfield>
   <subfield code="t">prezenční - lze objednat</subfield>
   <subfield code="u">UEP01</subfield>
   <subfield code="w">20230621</subfield>
  </datafield>
  <datafield tag="996" ind1=" " ind2=" ">
   <subfield code="1">PTOCN</subfield>
   <subfield code="3">F219</subfield>
   <subfield code="4">PC=904/21</subfield>
   <subfield code="5">3142340755</subfield>
   <subfield code="7">Roč. II., č. 1-10 (1862)</subfield>
   <subfield code="8">20210903</subfield>
   <subfield code="a">1862</subfield>
   <subfield code="b">2</subfield>
   <subfield code="c">1-10</subfield>
   <subfield code="f">95</subfield>
   <subfield code="h">Roč. II., č. 1-10 (1862)</subfield>
   <subfield code="l">UEP01</subfield>
   <subfield code="m">ISSBD</subfield>
   <subfield code="q">Točná</subfield>
   <subfield code="t">prezenční - lze objednat</subfield>
   <subfield code="u">UEP01</subfield>
   <subfield code="w">20210903</subfield>
  </datafield>
  <datafield tag="996" ind1=" " ind2=" ">
   <subfield code="1">PTOCN</subfield>
   <subfield code="3">F219</subfield>
   <subfield code="5">3142902300</subfield>
   <subfield code="7">Roč. 152, č. 1-12 (2013)</subfield>
   <subfield code="8">20140605</subfield>
   <subfield code="a">2013</subfield>
   <subfield code="b">152</subfield>
   <subfield code="c">1-12</subfield>
   <subfield code="f">95</subfield>
   <subfield code="g">32037</subfield>
   <subfield code="h">Roč. 152, č. 1-12 (2013)</subfield>
   <subfield code="i">20130116</subfield>
   <subfield code="j">20130215</subfield>
   <subfield code="k">20130111</subfield>
   <subfield code="l">UEP01</subfield>
   <subfield code="m">ISSBD</subfield>
   <subfield code="q">Točná</subfield>
   <subfield code="t">prezenční - lze objednat</subfield>
   <subfield code="u">UEP01</subfield>
   <subfield code="w">20140605</subfield>
  </datafield>
  <datafield tag="996" ind1=" " ind2=" ">
   <subfield code="1">PTOCN</subfield>
   <subfield code="3">F219</subfield>
   <subfield code="5">3142902488</subfield>
   <subfield code="7">Roč. 153, č. 1-12 (2014)</subfield>
   <subfield code="8">20150521</subfield>
   <subfield code="a">2014</subfield>
   <subfield code="b">153</subfield>
   <subfield code="c">1-12</subfield>
   <subfield code="f">95</subfield>
   <subfield code="g">36138</subfield>
   <subfield code="h">Roč. 153, č. 1-12 (2014)</subfield>
   <subfield code="i">20140116</subfield>
   <subfield code="j">20140215</subfield>
   <subfield code="k">20140124</subfield>
   <subfield code="l">UEP01</subfield>
   <subfield code="m">ISSBD</subfield>
   <subfield code="q">Točná</subfield>
   <subfield code="t">prezenční - lze objednat</subfield>
   <subfield code="u">UEP01</subfield>
   <subfield code="w">20150521</subfield>
  </datafield>
  <datafield tag="996" ind1=" " ind2=" ">
   <subfield code="1">PTOCN</subfield>
   <subfield code="3">F219</subfield>
   <subfield code="5">3142904742</subfield>
   <subfield code="7">Roč. 131, č. 1-4 (1992)</subfield>
   <subfield code="8">20230621</subfield>
   <subfield code="a">1992</subfield>
   <subfield code="b">131</subfield>
   <subfield code="c">1-12</subfield>
   <subfield code="f">95</subfield>
   <subfield code="h">Roč. 131, č. 1-4 (1992)</subfield>
   <subfield code="l">UEP01</subfield>
   <subfield code="m">ISSBD</subfield>
   <subfield code="q">Točná</subfield>
   <subfield code="t">prezenční - lze objednat</subfield>
   <subfield code="u">UEP01</subfield>
   <subfield code="w">20230621</subfield>
  </datafield>
  <datafield tag="996" ind1=" " ind2=" ">
   <subfield code="1">PTOCN</subfield>
   <subfield code="3">F219</subfield>
   <subfield code="5">50-10359</subfield>
   <subfield code="7">Roč. 129, č. 1-6 (1990)</subfield>
   <subfield code="8">20040815</subfield>
   <subfield code="a">1990</subfield>
   <subfield code="b">129</subfield>
   <subfield code="c">1-6</subfield>
   <subfield code="f">95</subfield>
   <subfield code="h">Roč. 129, č. 1-6 (1990)</subfield>
   <subfield code="l">UEP01</subfield>
   <subfield code="m">ISSBD</subfield>
   <subfield code="q">Točná</subfield>
   <subfield code="t">prezenční - lze objednat</subfield>
   <subfield code="u">UEP01</subfield>
  </datafield>
  <datafield tag="996" ind1=" " ind2=" ">
   <subfield code="1">PTOCN</subfield>
   <subfield code="3">F219</subfield>
   <subfield code="5">50-10360</subfield>
   <subfield code="7">Roč. 129, č. 7-12 (1990)</subfield>
   <subfield code="8">20040815</subfield>
   <subfield code="a">1990</subfield>
   <subfield code="b">129</subfield>
   <subfield code="c">7-12</subfield>
   <subfield code="f">95</subfield>
   <subfield code="h">Roč. 129, č. 7-12 (1990)</subfield>
   <subfield code="l">UEP01</subfield>
   <subfield code="m">ISSBD</subfield>
   <subfield code="q">Točná</subfield>
   <subfield code="t">prezenční - lze objednat</subfield>
   <subfield code="u">UEP01</subfield>
  </datafield>
  <datafield tag="996" ind1=" " ind2=" ">
   <subfield code="1">PTOCN</subfield>
   <subfield code="3">F219</subfield>
   <subfield code="5">50-10361</subfield>
   <subfield code="7">Roč. 130, č. 1-6 (1991)</subfield>
   <subfield code="8">20040815</subfield>
   <subfield code="a">1991</subfield>
   <subfield code="b">130</subfield>
   <subfield code="c">1-6</subfield>
   <subfield code="f">95</subfield>
   <subfield code="h">Roč. 130, č. 1-6 (1991)</subfield>
   <subfield code="l">UEP01</subfield>
   <subfield code="m">ISSBD</subfield>
   <subfield code="q">Točná</subfield>
   <subfield code="t">prezenční - lze objednat</subfield>
   <subfield code="u">UEP01</subfield>
  </datafield>
  <datafield tag="996" ind1=" " ind2=" ">
   <subfield code="1">PTOCN</subfield>
   <subfield code="3">F219</subfield>
   <subfield code="5">50-10362</subfield>
   <subfield code="7">Roč. 130, č. 7-12 (1991)</subfield>
   <subfield code="8">20040815</subfield>
   <subfield code="a">1991</subfield>
   <subfield code="b">130</subfield>
   <subfield code="c">7-12</subfield>
   <subfield code="f">95</subfield>
   <subfield code="h">Roč. 130, č. 7-12 (1991)</subfield>
   <subfield code="l">UEP01</subfield>
   <subfield code="m">ISSBD</subfield>
   <subfield code="q">Točná</subfield>
   <subfield code="t">prezenční - lze objednat</subfield>
   <subfield code="u">UEP01</subfield>
  </datafield>
  <datafield tag="996" ind1=" " ind2=" ">
   <subfield code="1">PTOCN</subfield>
   <subfield code="3">F219</subfield>
   <subfield code="5">50-10363</subfield>
   <subfield code="7">Roč. 136, č. 1-6 (1997)</subfield>
   <subfield code="8">20040815</subfield>
   <subfield code="a">1997</subfield>
   <subfield code="b">136</subfield>
   <subfield code="c">1-6</subfield>
   <subfield code="f">95</subfield>
   <subfield code="h">Roč. 136, č. 1-6 (1997)</subfield>
   <subfield code="l">UEP01</subfield>
   <subfield code="m">ISSBD</subfield>
   <subfield code="q">Točná</subfield>
   <subfield code="t">prezenční - lze objednat</subfield>
   <subfield code="u">UEP01</subfield>
  </datafield>
  <datafield tag="996" ind1=" " ind2=" ">
   <subfield code="1">PTOCN</subfield>
   <subfield code="3">F219</subfield>
   <subfield code="5">50-10364</subfield>
   <subfield code="7">Roč. 136, č. 7-12 (1997)</subfield>
   <subfield code="8">20040815</subfield>
   <subfield code="a">1997</subfield>
   <subfield code="b">136</subfield>
   <subfield code="c">7-12</subfield>
   <subfield code="f">95</subfield>
   <subfield code="h">Roč. 136, č. 7-12 (1997)</subfield>
   <subfield code="l">UEP01</subfield>
   <subfield code="m">ISSBD</subfield>
   <subfield code="q">Točná</subfield>
   <subfield code="t">prezenční - lze objednat</subfield>
   <subfield code="u">UEP01</subfield>
  </datafield>
  <datafield tag="996" ind1=" " ind2=" ">
   <subfield code="1">PTOCN</subfield>
   <subfield code="3">F219</subfield>
   <subfield code="5">50-10365</subfield>
   <subfield code="7">Roč. 137, č. 1-6 (1998)</subfield>
   <subfield code="8">20040815</subfield>
   <subfield code="a">1998</subfield>
   <subfield code="b">137</subfield>
   <subfield code="c">1-6</subfield>
   <subfield code="f">95</subfield>
   <subfield code="h">Roč. 137, č. 1-6 (1998)</subfield>
   <subfield code="l">UEP01</subfield>
   <subfield code="m">ISSBD</subfield>
   <subfield code="q">Točná</subfield>
   <subfield code="t">prezenční - lze objednat</subfield>
   <subfield code="u">UEP01</subfield>
  </datafield>
  <datafield tag="996" ind1=" " ind2=" ">
   <subfield code="1">PTOCN</subfield>
   <subfield code="3">F219</subfield>
   <subfield code="5">50-10366</subfield>
   <subfield code="7">Roč. 137, č. 7-12 (1998)</subfield>
   <subfield code="8">20040815</subfield>
   <subfield code="a">1998</subfield>
   <subfield code="b">137</subfield>
   <subfield code="c">7-12</subfield>
   <subfield code="f">95</subfield>
   <subfield code="h">Roč. 137, č. 7-12 (1998)</subfield>
   <subfield code="l">UEP01</subfield>
   <subfield code="m">ISSBD</subfield>
   <subfield code="q">Točná</subfield>
   <subfield code="t">prezenční - lze objednat</subfield>
   <subfield code="u">UEP01</subfield>
  </datafield>
  <datafield tag="996" ind1=" " ind2=" ">
   <subfield code="1">PTOCN</subfield>
   <subfield code="3">F219</subfield>
   <subfield code="5">50-10367</subfield>
   <subfield code="7">Roč. 138, č. 1-6 (1999)</subfield>
   <subfield code="8">20040815</subfield>
   <subfield code="a">1999</subfield>
   <subfield code="b">138</subfield>
   <subfield code="c">1-6</subfield>
   <subfield code="f">95</subfield>
   <subfield code="h">Roč. 138, č. 1-6 (1999)</subfield>
   <subfield code="l">UEP01</subfield>
   <subfield code="m">ISSBD</subfield>
   <subfield code="q">Točná</subfield>
   <subfield code="t">prezenční - lze objednat</subfield>
   <subfield code="u">UEP01</subfield>
  </datafield>
  <datafield tag="996" ind1=" " ind2=" ">
   <subfield code="1">PTOCN</subfield>
   <subfield code="3">F219</subfield>
   <subfield code="5">50-10368</subfield>
   <subfield code="7">Roč. 138, č. 7-12 (1999)</subfield>
   <subfield code="8">20040815</subfield>
   <subfield code="a">1999</subfield>
   <subfield code="b">138</subfield>
   <subfield code="c">7-12</subfield>
   <subfield code="f">95</subfield>
   <subfield code="h">Roč. 138, č. 7-12 (1999)</subfield>
   <subfield code="l">UEP01</subfield>
   <subfield code="m">ISSBD</subfield>
   <subfield code="q">Točná</subfield>
   <subfield code="t">prezenční - lze objednat</subfield>
   <subfield code="u">UEP01</subfield>
  </datafield>
  <datafield tag="996" ind1=" " ind2=" ">
   <subfield code="1">PTOCN</subfield>
   <subfield code="3">F219</subfield>
   <subfield code="5">50-10369</subfield>
   <subfield code="7">Roč. 139, č. 1-6 (2000)</subfield>
   <subfield code="8">20040815</subfield>
   <subfield code="a">2000</subfield>
   <subfield code="b">139</subfield>
   <subfield code="c">1-6</subfield>
   <subfield code="f">95</subfield>
   <subfield code="h">Roč. 139, č. 1-6 (2000)</subfield>
   <subfield code="l">UEP01</subfield>
   <subfield code="m">ISSBD</subfield>
   <subfield code="q">Točná</subfield>
   <subfield code="t">prezenční - lze objednat</subfield>
   <subfield code="u">UEP01</subfield>
  </datafield>
  <datafield tag="996" ind1=" " ind2=" ">
   <subfield code="1">PTOCN</subfield>
   <subfield code="3">F219</subfield>
   <subfield code="5">50-10370</subfield>
   <subfield code="7">Roč. 139, č. 7-12 (2000)</subfield>
   <subfield code="8">20040815</subfield>
   <subfield code="a">2000</subfield>
   <subfield code="b">139</subfield>
   <subfield code="c">7-12</subfield>
   <subfield code="f">95</subfield>
   <subfield code="h">Roč. 139, č. 7-12 (2000)</subfield>
   <subfield code="l">UEP01</subfield>
   <subfield code="m">ISSBD</subfield>
   <subfield code="q">Točná</subfield>
   <subfield code="t">prezenční - lze objednat</subfield>
   <subfield code="u">UEP01</subfield>
  </datafield>
  <datafield tag="996" ind1=" " ind2=" ">
   <subfield code="1">PTOCN</subfield>
   <subfield code="3">F219</subfield>
   <subfield code="5">50-10371</subfield>
   <subfield code="7">Roč. 140, č. 1-6 (2001)</subfield>
   <subfield code="8">20040815</subfield>
   <subfield code="a">2001</subfield>
   <subfield code="b">140</subfield>
   <subfield code="c">1-6</subfield>
   <subfield code="f">95</subfield>
   <subfield code="h">Roč. 140, č. 1-6 (2001)</subfield>
   <subfield code="l">UEP01</subfield>
   <subfield code="m">ISSBD</subfield>
   <subfield code="q">Točná</subfield>
   <subfield code="t">prezenční - lze objednat</subfield>
   <subfield code="u">UEP01</subfield>
  </datafield>
  <datafield tag="996" ind1=" " ind2=" ">
   <subfield code="1">PTOCN</subfield>
   <subfield code="3">F219</subfield>
   <subfield code="5">50-10372</subfield>
   <subfield code="7">Roč. 140, č. 7-12 (2001)</subfield>
   <subfield code="8">20040815</subfield>
   <subfield code="a">2001</subfield>
   <subfield code="b">140</subfield>
   <subfield code="c">7-12</subfield>
   <subfield code="f">95</subfield>
   <subfield code="h">Roč. 140, č. 7-12 (2001)</subfield>
   <subfield code="l">UEP01</subfield>
   <subfield code="m">ISSBD</subfield>
   <subfield code="q">Točná</subfield>
   <subfield code="t">prezenční - lze objednat</subfield>
   <subfield code="u">UEP01</subfield>
  </datafield>
 </record>
</collection>
